{"text_format":"3","workbook":"xlsx","n_sheets":1,"sheets":["第二批散货轮运输构件清单"],"not_rendered":{"defined_names":1},"read":"whole","date_system":"1900"}

{"sheet":"第二批散货轮运输构件清单","index":0,"n_rows":564,"n_cols":12,"rows_kept":564,"merged":[[0,0,0,10]]}
["附件1：散货轮货物明细清单"]
["序号","英文名称","中文名称","规格型号","单位","数量","单重（kg)","净重（kg）","毛重\n（kg）","长×宽×高（m）","体积（m3)","提货点"]
[1,"P-PTZ-1","平台柱-1","HW428*407*20*35","根",1,3417.6,{"$f":"G3*F3","v":3417.6},3417.6,"10.790*0.628*0.820",{"v":5.5564184,"d":"5.556"},"安徽巢湖"]
[2,"P-PTZ-2","平台柱-2","HW428*407*20*35","根",1,3417.6,3417.6,3417.6,"10.790*0.628*0.820",{"v":5.5564184,"d":"5.556"},"安徽巢湖"]
[3,"P-PTZ-3","平台柱-3","HW428*407*20*35","根",1,5637.8,5637.8,5637.8,"17.729*0.628*0.828",{"v":9.218796336,"d":"9.219"},"安徽巢湖"]
[4,"P-PTZ-4","平台柱-4","HW428*407*20*35","根",1,5635.8,5635.8,5635.8,"17.729*0.628*0.828",{"v":9.218796336,"d":"9.219"},"安徽巢湖"]
[5,"P-PTZ-5","平台柱-5","HW428*407*20*35","根",1,3574.4,3574.4,3574.4,"11.339*0.628*0.947",{"v":6.743484724,"d":"6.743"},"安徽巢湖"]
[6,"P-PTZ-6","平台柱-6","HW428*407*20*35","根",1,3574.4,3574.4,3574.4,"11.339*0.628*0.947",{"v":6.743484724,"d":"6.743"},"安徽巢湖"]
[7,"P-PTZ-7","平台柱-7","HW428*407*20*35","根",1,3960.4,3960.4,3960.4,"12.654*0.618*1.197",{"v":9.360745884,"d":"9.361"},"安徽巢湖"]
[8,"P-PTZ-8","平台柱-8","HW428*407*20*35","根",1,3960.4,3960.4,3960.4,"12.654*0.618*1.197",{"v":9.360745884,"d":"9.361"},"安徽巢湖"]
[9,"P-PTZ-9","平台柱-9","HW428*407*20*35","根",1,3994.1,3994.1,3994.1,"12.784*0.618*1.197",{"v":9.456912864,"d":"9.457"},"安徽巢湖"]
[10,"P-PTZ-10","平台柱-10","HW428*407*20*35","根",1,4017.6,4017.6,4017.6,"12.868*0.618*1.197",{"v":9.519051528,"d":"9.519"},"安徽巢湖"]
[11,"P-PTZ-11","平台柱-11","HW428*407*20*35","根",1,4029.1,4029.1,4029.1,"12.763*0.523*1.206",{"v":8.050109094,"d":"8.050"},"安徽巢湖"]
[12,"P-PTZ-12","平台柱-12","HW428*407*20*35","根",1,4029.1,4029.1,4029.1,"12.763*0.523*1.206",{"v":8.050109094,"d":"8.050"},"安徽巢湖"]
[13,"P-PTZ-13","平台柱-13","HW428*407*20*35","根",1,2493.7,2493.7,2493.7,"8.049*0.523*0.947",{"v":3.986516769,"d":"3.987"},"安徽巢湖"]
[14,"P-PTZ-14","平台柱-14","HW428*407*20*35","根",1,2493.7,2493.7,2493.7,"8.049*0.523*0.947",{"v":3.986516769,"d":"3.987"},"安徽巢湖"]
[15,"P-PTZ-15","平台柱-15","HW428*407*20*35","根",1,2514.7,2514.7,2514.7,"8.248*0.523*0.947",{"v":4.085077688,"d":"4.085"},"安徽巢湖"]
[16,"P-PTZ-16","平台柱-16","HW428*407*20*35","根",1,2514.7,2514.7,2514.7,"8.248*0.523*0.947",{"v":4.085077688,"d":"4.085"},"安徽巢湖"]
[17,"P-PTZ-17","平台柱-17","HW428*407*20*35","根",1,4172.4,4172.4,4172.4,"13.229*0.523*1.206",{"v":8.344033002,"d":"8.344"},"安徽巢湖"]
[18,"P-PTZ-18","平台柱-18","HW428*407*20*35","根",1,4172.4,4172.4,4172.4,"13.229*0.523*1.206",{"v":8.344033002,"d":"8.344"},"安徽巢湖"]
[19,"P-PTZ-19","平台柱-19","HW428*407*20*35","根",1,4155.1,4155.1,4155.1,"13.229*0.523*1.206",{"v":8.344033002,"d":"8.344"},"安徽巢湖"]
[20,"P-PTZ-20","平台柱-20","HW428*407*20*35","根",1,4155.1,4155.1,4155.1,"13.229*0.523*1.206",{"v":8.344033002,"d":"8.344"},"安徽巢湖"]
[21,"P-PTZ-21","平台柱-21","HW428*407*20*35","根",1,2727.9,2727.9,2727.9,"8.948*0.523*0.947",{"v":4.431774388,"d":"4.432"},"安徽巢湖"]
[22,"P-PTZ-22","平台柱-22","HW428*407*20*35","根",1,2727.9,2727.9,2727.9,"8.948*0.523*0.947",{"v":4.431774388,"d":"4.432"},"安徽巢湖"]
[23,"P-PTZ-23","平台柱-23","HW428*407*20*35","根",1,3661,3661,3661,"11.580*0.628*0.820",{"v":5.9632368,"d":"5.963"},"安徽巢湖"]
[24,"P-PTZ-24","平台柱-24","HW428*407*20*35","根",1,3661,3661,3661,"11.580*0.628*0.820",{"v":5.9632368,"d":"5.963"},"安徽巢湖"]
[25,"P-PTZ-25","平台柱-25","HW428*407*20*35","根",1,3965,3965,3965,"12.950*0.628*0.820",{"v":6.668732,"d":"6.669"},"安徽巢湖"]
[26,"P-PTZ-26","平台柱-26","HW428*407*20*35","根",1,3965,3965,3965,"12.950*0.628*0.820",{"v":6.668732,"d":"6.669"},"安徽巢湖"]
[27,"P-PTZ-27","平台柱-27","HW428*407*20*35","根",1,2747.4,2747.4,2747.4,"8.733*0.523*1.206",{"v":5.508234954,"d":"5.508"},"安徽巢湖"]
[28,"P-PTZ-28","平台柱-28","HW428*407*20*35","根",1,4133.6,4133.6,4133.6,"13.129*0.523*1.206",{"v":8.280959202,"d":"8.281"},"安徽巢湖"]
[29,"P-PTZ-29","平台柱-29","HW428*407*20*35","根",1,4123.6,4123.6,4123.6,"13.093*0.523*1.206",{"v":8.258252634,"d":"8.258"},"安徽巢湖"]
[30,"P-PTZ-30","平台柱-30","HW428*407*20*35","根",1,4074.9,4074.9,4074.9,"12.919*0.523*1.206",{"v":8.148504222,"d":"8.149"},"安徽巢湖"]
[31,"P-PTZ-31","平台柱-31","HW428*407*20*35","根",1,4074.9,4074.9,4074.9,"12.919*0.523*1.206",{"v":8.148504222,"d":"8.149"},"安徽巢湖"]
[32,"P-PTZ-32","平台柱-32","HW428*407*20*35","根",1,4133.6,4133.6,4133.6,"13.129*0.523*1.206",{"v":8.280959202,"d":"8.281"},"安徽巢湖"]
[33,"P-PTZ-33","平台柱-33","HW428*407*20*35","根",1,3020.9,3020.9,3020.9,"9.590*0.628*1.197",{"v":7.20895644,"d":"7.209"},"安徽巢湖"]
[34,"P-PTZ-34","平台柱-34","HW428*407*20*35","根",1,4055.8,4055.8,4055.8,"12.873*0.523*1.206",{"v":8.119490274,"d":"8.119"},"安徽巢湖"]
[35,"P-PTZ-35","平台柱-35","HW428*407*20*35","根",1,4090.4,4090.4,4090.4,"12.873*0.523*1.206",{"v":8.119490274,"d":"8.119"},"安徽巢湖"]
[36,"P-PTZ-36","平台柱-36","HW428*407*20*35","根",1,3970.7,3970.7,3970.7,"12.659*0.523*1.206",{"v":7.984512342,"d":"7.985"},"安徽巢湖"]
[37,"P-PTZ-37","平台柱-37","HW428*407*20*35","根",1,3970.7,3970.7,3970.7,"12.659*0.523*1.206",{"v":7.984512342,"d":"7.985"},"安徽巢湖"]
[38,"P-PTZ-38","平台柱-38","HW428*407*20*35","根",1,4032.3,4032.3,4032.3,"12.789*0.523*1.206",{"v":8.066508282,"d":"8.067"},"安徽巢湖"]
[39,"P-PTZ-39","平台柱-39","HW428*407*20*35","根",1,4066.9,4066.9,4066.9,"12.789*0.523*1.206",{"v":8.066508282,"d":"8.067"},"安徽巢湖"]
[40,"P-PTZ-40","平台柱-40","HW428*407*20*35","根",1,3996.6,3996.6,3996.6,"12.659*0.523*1.206",{"v":7.984512342,"d":"7.985"},"安徽巢湖"]
[41,"P-PTZ-41","平台柱-41","HW428*407*20*35","根",1,3996.6,3996.6,3996.6,"12.659*0.523*1.206",{"v":7.984512342,"d":"7.985"},"安徽巢湖"]
[42,"P-PTZ-42","平台柱-42","HW428*407*20*35","根",1,4092,4092,4092,"12.950*0.628*1.197",{"v":9.7347222,"d":"9.735"},"安徽巢湖"]
[43,"P-PTZ-43","平台柱-43","HW428*407*20*35","根",2,4092,8184,8184,"12.950*0.628*1.197",{"v":19.4694444,"d":"19.469"},"安徽巢湖"]
[44,"P-PTZ-44","平台柱-44","HW428*407*20*35","根",1,3392.4,3392.4,3392.4,"10.450*0.628*1.197",{"v":7.8554322,"d":"7.855"},"安徽巢湖"]
[45,"P-PTZ-45","平台柱-45","HW428*407*20*35","根",1,3693.1,3693.1,3693.1,"11.450*0.628*1.197",{"v":8.6071482,"d":"8.607"},"安徽巢湖"]
[46,"P-PTZ-46","平台柱-46","HW428*407*20*35","根",7,3016.6,21116.2,21116.2,"9.590*0.628*1.197",{"v":50.462695079999996,"d":"50.463"},"安徽巢湖"]
[47,"P-PTZ-47","平台柱-47","HW428*407*20*35","根",9,3016.6,27149.399999999998,27149.399999999998,"9.590*0.628*1.197",{"v":64.88060795999999,"d":"64.881"},"安徽巢湖"]
[48,"P-PTZ-48","平台柱-48","HW428*407*20*35","根",1,3019.2,3019.2,3019.2,"9.590*0.628*1.197",{"v":7.20895644,"d":"7.209"},"安徽巢湖"]
[49,"P-PTZ-49","平台柱-49","HW428*407*20*35","根",1,3019.2,3019.2,3019.2,"9.590*0.628*1.197",{"v":7.20895644,"d":"7.209"},"安徽巢湖"]
[50,"P-PTZ-50","平台柱-50","HW428*407*20*35","根",4,3021.9,12087.6,12087.6,"9.590*0.628*1.197",{"v":28.83582576,"d":"28.836"},"安徽巢湖"]
[51,"P-PTZ-51","平台柱-51","HW428*407*20*35","根",1,4256.1,4256.1,4256.1,"13.950*0.628*0.937",{"v":8.2086822,"d":"8.209"},"安徽巢湖"]
[52,"P-PTZ-52","平台柱-52","HW428*407*20*35","根",1,3444.5,3444.5,3444.5,"11.050*0.628*0.937",{"v":6.5022178,"d":"6.502"},"安徽巢湖"]
[53,"P-PTZ-53","平台柱-53","HW428*407*20*35","根",7,4099.9,28699.299999999996,28699.299999999996,"12.950*0.628*1.197",{"v":68.14305540000001,"d":"68.143"},"安徽巢湖"]
[54,"P-PTZ-54","平台柱-54","HW428*407*20*35","根",1,4099.9,4099.9,4099.9,"12.950*0.628*1.197",{"v":9.7347222,"d":"9.735"},"安徽巢湖"]
[55,"P-PTZ-55","平台柱-55","HW428*407*20*35","根",1,3640.4,3640.4,3640.4,"11.750*0.628*0.820",{"v":6.05078,"d":"6.051"},"安徽巢湖"]
[56,"P-PTZ-56","平台柱-56","HW428*407*20*35","根",1,4452,4452,4452,"14.650*0.628*0.820",{"v":7.544164,"d":"7.544"},"安徽巢湖"]
[57,"1.84mPTL-1","1.84米平台梁-1","HN400*200*8*13","根",1,174.9,174.9,174.9,"2.720*0.200*0.400",{"v":0.2176,"d":"0.218"},"安徽巢湖"]
[58,"1.84mPTL-2","1.84米平台梁-2","HN400*200*8*13","根",1,319.6,319.6,319.6,"4.970*0.200*0.400",{"v":0.3976,"d":"0.398"},"安徽巢湖"]
[59,"1.84mPTL-3","1.84米平台梁-3","HN400*200*8*13","根",3,331.9,995.6999999999999,995.6999999999999,"4.970*0.470*0.400",{"v":2.80308,"d":"2.803"},"安徽巢湖"]
[60,"1.84mPTL-4","1.84米平台梁-4","HN400*200*8*13","根",1,330.2,330.2,330.2,"4.970*0.335*0.400",{"v":0.66598,"d":"0.666"},"安徽巢湖"]
[61,"1.84mPTL-5","1.84米平台梁-5","HN400*200*8*13","根",9,338.9,3050.1,3050.1,"5.270*0.200*0.400",{"v":3.7943999999999996,"d":"3.794"},"安徽巢湖"]
[62,"1.84mPTL-6","1.84米平台梁-6","HN400*200*8*13","根",4,351.2,1404.8,1404.8,"5.270*0.470*0.400",{"v":3.96304,"d":"3.963"},"安徽巢湖"]
[63,"1.84mPTL-7","1.84米平台梁-7","HN400*200*8*13","根",3,351.2,1053.6,1053.6,"5.270*0.470*0.400",{"v":2.97228,"d":"2.972"},"安徽巢湖"]
[64,"1.84mPTL-8","1.84米平台梁-8","HN400*200*8*13","根",3,351.2,1053.6,1053.6,"5.270*0.470*0.400",{"v":2.97228,"d":"2.972"},"安徽巢湖"]
[65,"1.84mPTL-9","1.84米平台梁-9","HN400*200*8*13","根",1,349.5,{"$f":"G67*F67","v":349.5},349.5,"5.270*0.335*0.400",{"v":0.70618,"d":"0.706"},"安徽巢湖"]
[66,"1.84mPTL-10","1.84米平台梁-10","HN400*200*8*13","根",1,349.5,349.5,349.5,"5.270*0.335*0.400",{"v":0.70618,"d":"0.706"},"安徽巢湖"]
[67,"1.84mPTL-11","1.84米平台梁-11","HN400*200*8*13","根",1,349.5,349.5,349.5,"5.270*0.335*0.400",{"v":0.70618,"d":"0.706"},"安徽巢湖"]
[68,"1.84mPTL-12","1.84米平台梁-12","HN400*200*8*13","根",5,422.5,2112.5,2112.5,"6.570*0.200*0.400",{"v":2.6279999999999997,"d":"2.628"},"安徽巢湖"]
[69,"1.84mPTL-13","1.84米平台梁-13","HN400*200*8*13","根",1,427.8,427.8,427.8,"6.570*0.335*0.400",{"v":0.88038,"d":"0.880"},"安徽巢湖"]
[70,"1.84mPTL-14","1.84米平台梁-14","HN400*200*8*13","根",12,254,3048,3048,"3.950*0.200*0.400",3.792,"安徽巢湖"]
[71,"1.84mPTL-15","1.84米平台梁-15","HN400*200*8*13","根",12,306.7,3680.3999999999996,3680.3999999999996,"4.770*0.200*0.400",{"v":4.5792,"d":"4.579"},"安徽巢湖"]
[72,"1.84mPTL-16","1.84米平台梁-16","HN400*200*8*13","根",2,403.2,806.4,806.4,"6.270*0.200*0.400",{"v":1.0032,"d":"1.003"},"安徽巢湖"]
[73,"1.84mPTL-17","1.84米平台梁-17","HN400*200*8*13","根",4,415.5,1662,1662,"6.270*0.470*0.400",{"v":4.71504,"d":"4.715"},"安徽巢湖"]
[74,"1.84mPTL-18","1.84米平台梁-18","HN400*200*8*13","根",4,415.5,1662,1662,"6.270*0.470*0.400",{"v":4.71504,"d":"4.715"},"安徽巢湖"]
[75,"1.84mPTL-19","1.84米平台梁-19","HN400*200*8*13","根",1,413.8,413.8,413.8,"6.270*0.335*0.400",{"v":0.84018,"d":"0.840"},"安徽巢湖"]
[76,"1.84mPTL-20","1.84米平台梁-20","HN400*200*8*13","根",1,413.8,413.8,413.8,"6.270*0.335*0.400",{"v":0.84018,"d":"0.840"},"安徽巢湖"]
[77,"1.84mPTL-21","1.84米平台梁-21","HN700*300*13*24","根",1,1286.5,1286.5,1286.5,"7.060*0.421*0.700",{"v":2.080582,"d":"2.081"},"安徽巢湖"]
[78,"1.84mPTL-22","1.84米平台梁-22","HN700*300*13*24","根",1,1286.5,1286.5,1286.5,"7.060*0.421*0.700",{"v":2.080582,"d":"2.081"},"安徽巢湖"]
[79,"1.84mPTL-23","1.84米平台梁-23","HN700*300*13*24","根",1,1287.7,1287.7,1287.7,"7.060*0.433*0.700",{"v":2.139886,"d":"2.140"},"安徽巢湖"]
[80,"1.84mPTL-24","1.84米平台梁-24","HN700*300*13*24","根",1,1270.8,1270.8,1270.8,"7.060*0.370*0.700",{"v":1.82854,"d":"1.829"},"安徽巢湖"]
[81,"1.84mPTL-25","1.84米平台梁-25","HN200*100*5.5*8","根",1,36,36,36,"1.782*0.100*0.200",{"v":0.03564,"d":"0.036"},"安徽巢湖"]
[82,"1.84mPTL-26","1.84米平台梁-26","HN200*100*5.5*8","根",1,29.8,29.8,29.8,"1.435*0.100*0.200",{"v":0.0287,"d":"0.029"},"安徽巢湖"]
[83,"1.84mPTL-27","1.84米平台梁-27","HN200*100*5.5*8","根",6,35.3,211.79999999999998,211.79999999999998,"1.720*0.100*0.200",{"v":0.2064,"d":"0.206"},"安徽巢湖"]
[84,"1.84mPTL-28","1.84米平台梁-28","HN200*100*5.5*8","根",6,44.7,268.20000000000005,268.20000000000005,"2.180*0.100*0.200",{"v":0.2616,"d":"0.262"},"安徽巢湖"]
[85,"1.84mPTL-29","1.84米平台梁-29","HN200*100*5.5*8","根",6,37.3,223.79999999999998,223.79999999999998,"1.820*0.100*0.200",{"v":0.2184,"d":"0.218"},"安徽巢湖"]
[86,"1.84mPTL-30","1.84米平台梁-30","HN200*100*5.5*8","根",12,52.2,626.4000000000001,626.4000000000001,"2.545*0.100*0.200",{"v":0.6108,"d":"0.611"},"安徽巢湖"]
[87,"1.84mPTL-31","1.84米平台梁-31","HN200*100*5.5*8","根",1,16.8,16.8,16.8,"0.820*0.100*0.200",{"v":0.0164,"d":"0.016"},"安徽巢湖"]
[88,"1.84mPTL-32","1.84米平台梁-32","HN200*100*5.5*8","根",24,33.7,808.8000000000001,808.8000000000001,"1.645*0.100*0.200",{"v":0.7896,"d":"0.790"},"安徽巢湖"]
[89,"1.84mPTL-33","1.84米平台梁-33","HN200*100*5.5*8","根",12,41,492,492,"2.000*0.100*0.200",{"v":0.48,"d":"0.480"},"安徽巢湖"]
[90,"1.84mPTL-34","1.84米平台梁-34","HN550*200*10*16","根",1,669.6,669.6,669.6,"7.270*0.286*0.550",{"v":1.143571,"d":"1.144"},"安徽巢湖"]
[91,"1.84mPTL-35","1.84米平台梁-35","HN550*200*10*16","根",1,669.6,669.6,669.6,"7.270*0.286*0.550",{"v":1.143571,"d":"1.144"},"安徽巢湖"]
[92,"1.84mPTL-36","1.84米平台梁-36","HN550*200*10*16","根",1,505.7,505.7,505.7,"5.341*0.390*0.550",{"v":1.1456445,"d":"1.146"},"安徽巢湖"]
[93,"1.84mPTL-37","1.84米平台梁-37","HN550*200*10*16","根",1,129.3,129.3,129.3,"1.330*0.370*0.550",{"v":0.270655,"d":"0.271"},"安徽巢湖"]
[94,"1.84mPTL-38","1.84米平台梁-38","HN550*200*10*16","根",5,423,2115,2115,"4.621*0.270*0.550",{"v":3.4310924999999997,"d":"3.431"},"安徽巢湖"]
[95,"1.84mPTL-39","1.84米平台梁-39","HN550*200*10*16","根",1,436.9,436.9,436.9,"4.621*0.370*0.550",{"v":0.9403735,"d":"0.940"},"安徽巢湖"]
[96,"1.84mPTL-40","1.84米平台梁-40","HN550*200*10*16","根",1,436.9,436.9,436.9,"4.621*0.370*0.550",{"v":0.9403735,"d":"0.940"},"安徽巢湖"]
[97,"1.84mPTL-41","1.84米平台梁-41","HN550*200*10*16","根",1,436.9,436.9,436.9,"4.621*0.370*0.550",{"v":0.9403735,"d":"0.940"},"安徽巢湖"]
[98,"1.84mPTL-42","1.84米平台梁-42","HN550*200*10*16","根",2,513.9,1027.8,1027.8,"5.621*0.270*0.550",{"v":1.669437,"d":"1.669"},"安徽巢湖"]
[99,"1.84mPTL-43","1.84米平台梁-43","HN550*200*10*16","根",1,527.8,527.8,527.8,"5.621*0.370*0.550",{"v":1.1438735,"d":"1.144"},"安徽巢湖"]
[100,"1.84mPTL-44","1.84米平台梁-44","HN550*200*10*16","根",1,527.8,527.8,527.8,"5.621*0.370*0.550",{"v":1.1438735,"d":"1.144"},"安徽巢湖"]
[101,"1.84mPTL-45","1.84米平台梁-45","HN550*200*10*16","根",2,481.7,963.4,963.4,"5.121*0.330*0.550",{"v":1.858923,"d":"1.859"},"安徽巢湖"]
[102,"1.84mPTL-46","1.84米平台梁-46","HN550*200*10*16","根",2,481.7,963.4,963.4,"5.121*0.330*0.550",{"v":1.858923,"d":"1.859"},"安徽巢湖"]
[103,"1.84mPTL-47","1.84米平台梁-47","HN550*200*10*16","根",1,541.1,541.1,541.1,"5.921*0.270*0.550",{"v":0.8792685,"d":"0.879"},"安徽巢湖"]
[104,"1.84mPTL-48","1.84米平台梁-48","HN550*200*10*16","根",1,549,549,549,"5.921*0.470*0.550",{"v":1.5305785,"d":"1.531"},"安徽巢湖"]
[105,"1.84mPTL-49","1.84米平台梁-49","HN550*200*10*16","根",4,303,1212,1212,"3.301*0.270*0.550",{"v":1.960794,"d":"1.961"},"安徽巢湖"]
[106,"1.84mPTL-50","1.84米平台梁-50","HN550*200*10*16","根",4,377.5,1510,1510,"4.121*0.270*0.550",{"v":2.447874,"d":"2.448"},"安徽巢湖"]
[107,"1.84mPTL-51","1.84米平台梁-51","HN550*200*10*16","根",1,395.7,395.7,395.7,"4.321*0.270*0.550",{"v":0.6416685,"d":"0.642"},"安徽巢湖"]
[108,"1.84mPTL-52","1.84米平台梁-52","HN550*200*10*16","根",1,409.7,409.7,409.7,"4.321*0.370*0.550",{"v":0.8793235,"d":"0.879"},"安徽巢湖"]
[109,"1.84mPTL-53","1.84米平台梁-53","HN550*200*10*16","根",1,684.2,684.2,684.2,"6.841*0.390*0.550",{"v":1.4673945,"d":"1.467"},"安徽巢湖"]
[110,"1.84mPTL-54","1.84米平台梁-54","HN550*200*10*16","根",1,668.9,668.9,668.9,"6.841*0.390*0.550",{"v":1.4673945,"d":"1.467"},"安徽巢湖"]
[111,"1.84mPTL-55","1.84米平台梁-55","HN550*200*10*16","根",1,668.9,668.9,668.9,"6.841*0.390*0.550",{"v":1.4673945,"d":"1.467"},"安徽巢湖"]
[112,"1.84mPTL-56","1.84米平台梁-56","HN550*200*10*16","根",2,661.2,1322.4,1322.4,"6.841*0.390*0.550",{"v":2.934789,"d":"2.935"},"安徽巢湖"]
[113,"1.84mPTL-57","1.84米平台梁-57","HN550*200*10*16","根",2,661.2,1322.4,1322.4,"6.841*0.390*0.550",{"v":2.934789,"d":"2.935"},"安徽巢湖"]
[114,"1.84mPTL-58","1.84米平台梁-58","HN550*200*10*16","根",4,661.2,2644.8,2644.8,"6.841*0.390*0.550",{"v":5.869578,"d":"5.870"},"安徽巢湖"]
[115,"1.84mPTL-59","1.84米平台梁-59","HN550*200*10*16","根",4,661.2,2644.8,2644.8,"6.841*0.390*0.550",{"v":5.869578,"d":"5.870"},"安徽巢湖"]
[116,"1.84mPTL-60","1.84米平台梁-60","HN550*200*10*16","根",2,661.2,1322.4,1322.4,"6.841*0.390*0.550",{"v":2.934789,"d":"2.935"},"安徽巢湖"]
[117,"1.84mPTL-61","1.84米平台梁-61","HN550*200*10*16","根",1,674.3,674.3,674.3,"6.841*0.390*0.550",{"v":1.4673945,"d":"1.467"},"安徽巢湖"]
[118,"1.84mPTL-62","1.84米平台梁-62","HN550*200*10*16","根",2,649.1,1298.2,1298.2,"6.841*0.390*0.550",{"v":2.934789,"d":"2.935"},"安徽巢湖"]
[119,"1.84mPTL-63","1.84米平台梁-63","HN550*200*10*16","根",1,654.5,654.5,654.5,"6.841*0.330*0.550",{"v":1.2416415,"d":"1.242"},"安徽巢湖"]
[120,"1.84mPTL-64","1.84米平台梁-64","HN550*200*10*16","根",1,654.5,654.5,654.5,"6.841*0.330*0.550",{"v":1.2416415,"d":"1.242"},"安徽巢湖"]
[121,"1.84mPTL-65","1.84米平台梁-65","HN550*200*10*16","根",1,654.5,654.5,654.5,"6.841*0.330*0.550",{"v":1.2416415,"d":"1.242"},"安徽巢湖"]
[122,"1.84mPTL-66","1.84米平台梁-66","HN550*200*10*16","根",1,644.6,644.6,644.6,"6.841*0.330*0.550",{"v":1.2416415,"d":"1.242"},"安徽巢湖"]
[123,"1.84mPTL-67","1.84米平台梁-67","HN550*200*10*16","根",2,322.9,645.8,645.8,"3.521*0.270*0.550",{"v":1.045737,"d":"1.046"},"安徽巢湖"]
[124,"1.84mPTL-68","1.84米平台梁-68","HN550*200*10*16","根",1,505.7,505.7,505.7,"5.341*0.390*0.550",{"v":1.1456445,"d":"1.146"},"安徽巢湖"]
[125,"1.84mPTL-69","1.84米平台梁-69","HN550*200*10*16","根",1,674.4,674.4,674.4,"7.060*0.330*0.550",{"v":1.28139,"d":"1.281"},"安徽巢湖"]
[126,"1.84mPTL-70","1.84米平台梁-70","HN550*200*10*16","根",1,674.4,674.4,674.4,"7.060*0.330*0.550",{"v":1.28139,"d":"1.281"},"安徽巢湖"]
[127,"1.84mPTL-71","1.84米平台梁-71","HN550*200*10*16","根",1,674.4,674.4,674.4,"7.060*0.330*0.550",{"v":1.28139,"d":"1.281"},"安徽巢湖"]
[128,"1.84mPTL-72","1.84米平台梁-72","HN550*200*10*16","根",1,674.4,674.4,674.4,"7.060*0.330*0.550",{"v":1.28139,"d":"1.281"},"安徽巢湖"]
[129,"1.84mPTL-73","1.84米平台梁-73","HN550*200*10*16","根",1,451.3,{"$f":"G131*F131","v":451.3},451.3,"4.760*0.470*0.550",{"v":1.23046,"d":"1.230"},"安徽巢湖"]
[130,"1.84mPTL-74","1.84米平台梁-74","HN550*200*10*16","根",1,462.9,462.9,462.9,"5.060*0.270*0.550",{"v":0.75141,"d":"0.751"},"安徽巢湖"]
[131,"1.84mPTL-75","1.84米平台梁-75","HN550*200*10*16","根",1,478.5,478.5,478.5,"5.060*0.470*0.550",{"v":1.30801,"d":"1.308"},"安徽巢湖"]
[132,"1.84mPTL-76","1.84米平台梁-76","HN550*200*10*16","根",1,478.5,478.5,478.5,"5.060*0.470*0.550",{"v":1.30801,"d":"1.308"},"安徽巢湖"]
[133,"1.84mPTL-77","1.84米平台梁-77","HN550*200*10*16","根",1,478.5,478.5,478.5,"5.060*0.470*0.550",{"v":1.30801,"d":"1.308"},"安徽巢湖"]
[134,"1.84mPTL-78","1.84米平台梁-78","HN550*200*10*16","根",1,581.1,581.1,581.1,"6.360*0.270*0.550",{"v":0.94446,"d":"0.944"},"安徽巢湖"]
[135,"1.84mPTL-79","1.84米平台梁-79","HN550*200*10*16","根",2,417.4,834.8,834.8,"4.560*0.270*0.550",{"v":1.35432,"d":"1.354"},"安徽巢湖"]
[136,"1.84mPTL-80","1.84米平台梁-80","HN550*200*10*16","根",1,569.4,569.4,569.4,"6.060*0.470*0.550",{"v":1.56651,"d":"1.567"},"安徽巢湖"]
[137,"1.84mPTL-81","1.84米平台梁-81","HN550*200*10*16","根",1,569.4,569.4,569.4,"6.060*0.470*0.550",{"v":1.56651,"d":"1.567"},"安徽巢湖"]
[138,"1.84mPTL-82","1.84米平台梁-82","HN550*200*10*16","根",1,660.9,660.9,660.9,"7.270*0.200*0.550",{"v":0.7997,"d":"0.800"},"安徽巢湖"]
[139,"1.84mPTL-83","1.84米平台梁-83","HN550*200*10*16","根",1,670.8,670.8,670.8,"7.270*0.295*0.550",{"v":1.1795575,"d":"1.180"},"安徽巢湖"]
[140,"4.84mPTL-1","4.84米平台梁-1","HN300*150*6.5*9","根",21,151.9,3189.9,3189.9,"4.270*0.150*0.300",{"v":4.03515,"d":"4.035"},"安徽巢湖"]
[141,"4.84mPTL-2","4.84米平台梁-2","HN300*150*6.5*9","根",4,45.2,180.8,180.8,"1.270*0.150*0.300",{"v":0.2286,"d":"0.229"},"安徽巢湖"]
[142,"4.84mPTL-3","4.84米平台梁-3","HN300*150*6.5*9","根",4,205.3,821.2,821.2,"5.770*0.150*0.300",{"v":1.0386,"d":"1.039"},"安徽巢湖"]
[143,"4.84mPTL-4","4.84米平台梁-4","HN400*200*8*13","根",1,122.9,122.9,122.9,"1.794*0.200*0.400",{"v":0.14352,"d":"0.144"},"安徽巢湖"]
[144,"4.84mPTL-5","4.84米平台梁-5","HN400*200*8*13","根",1,122.9,122.9,122.9,"1.794*0.295*0.400",{"v":0.211692,"d":"0.212"},"安徽巢湖"]
[145,"4.84mPTL-6","4.84米平台梁-6","HN400*200*8*13","根",2,146.2,292.4,292.4,"2.279*0.200*0.400",{"v":0.36464,"d":"0.365"},"安徽巢湖"]
[146,"4.84mPTL-7","4.84米平台梁-7","HN400*200*8*13","根",4,35.9,143.6,143.6,"0.595*0.200*0.400",{"v":0.1904,"d":"0.190"},"安徽巢湖"]
[147,"4.84mPTL-8","4.84米平台梁-8","HN400*200*8*13","根",1,216.7,216.7,216.7,"3.370*0.200*0.400",{"v":0.2696,"d":"0.270"},"安徽巢湖"]
[148,"4.84mPTL-9","4.84米平台梁-9","HN400*200*8*13","根",15,467.5,7012.5,7012.5,"7.270*0.200*0.400",8.724,"安徽巢湖"]
[149,"4.84mPTL-10","4.84米平台梁-10","HN400*200*8*13","根",2,475.3,950.6,950.6,"7.270*0.295*0.400",{"v":1.71572,"d":"1.716"},"安徽巢湖"]
[150,"4.84mPTL-11","4.84米平台梁-11","HN550*200*10*16","根",1,606.6,606.6,606.6,"6.270*0.295*0.550",{"v":1.0173075,"d":"1.017"},"安徽巢湖"]
[151,"4.84mPTL-12","4.84米平台梁-12","HN400*200*8*13","根",1,213.5,213.5,213.5,"3.320*0.200*0.400",{"v":0.2656,"d":"0.266"},"安徽巢湖"]
[152,"4.84mPTL-13","4.84米平台梁-13","HN400*200*8*13","根",1,238.6,238.6,238.6,"3.269*0.390*0.400",{"v":0.509964,"d":"0.510"},"安徽巢湖"]
[153,"4.84mPTL-14","4.84米平台梁-14","HN400*200*8*13","根",1,174.9,174.9,174.9,"2.720*0.200*0.400",{"v":0.2176,"d":"0.218"},"安徽巢湖"]
[154,"4.84mPTL-15","4.84米平台梁-15","HN400*200*8*13","根",8,338.9,2711.2,2711.2,"5.270*0.200*0.400",{"v":3.3728,"d":"3.373"},"安徽巢湖"]
[155,"4.84mPTL-16","4.84米平台梁-16","HN400*200*8*13","根",8,422.5,3380,3380,"6.570*0.200*0.400",{"v":4.2048,"d":"4.205"},"安徽巢湖"]
[156,"4.84mPTL-17","4.84米平台梁-17","HN400*200*8*13","根",16,254,4064,4064,"3.950*0.200*0.400",5.056,"安徽巢湖"]
[157,"4.84mPTL-18","4.84米平台梁-18","HN400*200*8*13","根",16,306.7,4907.2,4907.2,"4.770*0.200*0.400",{"v":6.1056,"d":"6.106"},"安徽巢湖"]
[158,"4.84mPTL-19","4.84米平台梁-19","HN400*200*8*13","根",1,238.7,238.7,238.7,"3.271*0.390*0.400",{"v":0.510276,"d":"0.510"},"安徽巢湖"]
[159,"4.84mPTL-20","4.84米平台梁-20","HN700*300*13*24","根",1,1286.5,1286.5,1286.5,"7.060*0.421*0.700",{"v":2.080582,"d":"2.081"},"安徽巢湖"]
[160,"4.84mPTL-21","4.84米平台梁-21","HN700*300*13*24","根",1,1286.5,1286.5,1286.5,"7.060*0.421*0.700",{"v":2.080582,"d":"2.081"},"安徽巢湖"]
[161,"4.84mPTL-22","4.84米平台梁-22","HN700*300*13*24","根",1,409.9,409.9,409.9,"2.180*0.430*0.700",{"v":0.65618,"d":"0.656"},"安徽巢湖"]
[162,"4.84mPTL-23","4.84米平台梁-23","HN700*300*13*24","根",1,1287.7,1287.7,1287.7,"7.060*0.430*0.700",{"v":2.12506,"d":"2.125"},"安徽巢湖"]
[163,"4.84mPTL-24","4.84米平台梁-24","HN700*300*13*24","根",1,1270.8,1270.8,1270.8,"7.060*0.370*0.700",{"v":1.82854,"d":"1.829"},"安徽巢湖"]
[164,"4.84mPTL-25","4.84米平台梁-25","HN550*200*10*16","根",1,505.7,505.7,505.7,"5.341*0.390*0.550",{"v":1.1456445,"d":"1.146"},"安徽巢湖"]
[165,"4.84mPTL-26","4.84米平台梁-26","HN550*200*10*16","根",2,481.7,963.4,963.4,"5.121*0.330*0.550",{"v":1.858923,"d":"1.859"},"安徽巢湖"]
[166,"4.84mPTL-27","4.84米平台梁-27","HN550*200*10*16","根",1,209.5,209.5,209.5,"2.180*0.330*0.550",{"v":0.39567,"d":"0.396"},"安徽巢湖"]
[167,"4.84mPTL-28","4.84米平台梁-28","HN550*200*10*16","根",1,669.6,669.6,669.6,"7.270*0.286*0.550",{"v":1.143571,"d":"1.144"},"安徽巢湖"]
[168,"4.84mPTL-29","4.84米平台梁-29","HN550*200*10*16","根",1,669.6,669.6,669.6,"7.270*0.286*0.550",{"v":1.143571,"d":"1.144"},"安徽巢湖"]
[169,"4.84mPTL-30","4.84米平台梁-30","HN550*200*10*16","根",1,451.2,451.2,451.2,"4.621*0.330*0.550",{"v":0.8387115,"d":"0.839"},"安徽巢湖"]
[170,"4.84mPTL-31","4.84米平台梁-31","HN550*200*10*16","根",1,451.2,451.2,451.2,"4.621*0.330*0.550",{"v":0.8387115,"d":"0.839"},"安徽巢湖"]
[171,"4.84mPTL-32","4.84米平台梁-32","HN550*200*10*16","根",1,462.6,462.6,462.6,"4.621*0.330*0.550",{"v":0.8387115,"d":"0.839"},"安徽巢湖"]
[172,"4.84mPTL-33","4.84米平台梁-33","HN550*200*10*16","根",5,423,2115,2115,"4.621*0.270*0.550",{"v":3.4310924999999997,"d":"3.431"},"安徽巢湖"]
[173,"4.84mPTL-34","4.84米平台梁-34","HN550*200*10*16","根",1,553.5,553.5,553.5,"5.621*0.330*0.550",{"v":1.0202115,"d":"1.020"},"安徽巢湖"]
[174,"4.84mPTL-35","4.84米平台梁-35","HN550*200*10*16","根",1,553.5,553.5,553.5,"5.621*0.330*0.550",{"v":1.0202115,"d":"1.020"},"安徽巢湖"]
[175,"4.84mPTL-36","4.84米平台梁-36","HN550*200*10*16","根",1,513.9,513.9,513.9,"5.621*0.270*0.550",{"v":0.8347185,"d":"0.835"},"安徽巢湖"]
[176,"4.84mPTL-37","4.84米平台梁-37","HN550*200*10*16","根",1,515.4,515.4,515.4,"5.621*0.270*0.550",{"v":0.8347185,"d":"0.835"},"安徽巢湖"]
[177,"4.84mPTL-38","4.84米平台梁-38","HN550*200*10*16","根",2,481.7,963.4,963.4,"5.121*0.330*0.550",{"v":1.858923,"d":"1.859"},"安徽巢湖"]
[178,"4.84mPTL-39","4.84米平台梁-39","HN550*200*10*16","根",2,541.1,1082.2,1082.2,"5.921*0.270*0.550",{"v":1.758537,"d":"1.759"},"安徽巢湖"]
[179,"4.84mPTL-40","4.84米平台梁-40","HN550*200*10*16","根",4,303,1212,1212,"3.301*0.270*0.550",{"v":1.960794,"d":"1.961"},"安徽巢湖"]
[180,"4.84mPTL-41","4.84米平台梁-41","HN550*200*10*16","根",4,377.5,1510,1510,"4.121*0.270*0.550",{"v":2.447874,"d":"2.448"},"安徽巢湖"]
[181,"4.84mPTL-42","4.84米平台梁-42","HN550*200*10*16","根",1,425.4,425.4,425.4,"4.321*0.330*0.550",{"v":0.7842615,"d":"0.784"},"安徽巢湖"]
[182,"4.84mPTL-43","4.84米平台梁-43","HN550*200*10*16","根",1,397.2,397.2,397.2,"4.321*0.270*0.550",{"v":0.6416685,"d":"0.642"},"安徽巢湖"]
[183,"4.84mPTL-44","4.84米平台梁-44","HN550*200*10*16","根",1,638,638,638,"6.841*0.330*0.550",{"v":1.2416415,"d":"1.242"},"安徽巢湖"]
[184,"4.84mPTL-45","4.84米平台梁-45","HN550*200*10*16","根",1,638,638,638,"6.841*0.330*0.550",{"v":1.2416415,"d":"1.242"},"安徽巢湖"]
[185,"4.84mPTL-46","4.84米平台梁-46","HN550*200*10*16","根",4,642,2568,2568,"6.841*0.390*0.550",{"v":5.869578,"d":"5.870"},"安徽巢湖"]
[186,"4.84mPTL-47","4.84米平台梁-47","HN550*200*10*16","根",1,659.3,659.3,659.3,"6.841*0.390*0.550",{"v":1.4673945,"d":"1.467"},"安徽巢湖"]
[187,"4.84mPTL-48","4.84米平台梁-48","HN550*200*10*16","根",1,659.3,659.3,659.3,"6.841*0.390*0.550",{"v":1.4673945,"d":"1.467"},"安徽巢湖"]
[188,"4.84mPTL-49","4.84米平台梁-49","HN550*200*10*16","根",4,685.6,2742.4,2742.4,"6.841*0.390*0.550",{"v":5.869578,"d":"5.870"},"安徽巢湖"]
[189,"4.84mPTL-50","4.84米平台梁-50","HN550*200*10*16","根",4,661.2,2644.8,2644.8,"6.841*0.390*0.550",{"v":5.869578,"d":"5.870"},"安徽巢湖"]
[190,"4.84mPTL-51","4.84米平台梁-51","HN550*200*10*16","根",1,674.3,674.3,674.3,"6.841*0.330*0.550",{"v":1.2416415,"d":"1.242"},"安徽巢湖"]
[191,"4.84mPTL-52","4.84米平台梁-52","HN550*200*10*16","根",1,674.3,674.3,674.3,"6.841*0.330*0.550",{"v":1.2416415,"d":"1.242"},"安徽巢湖"]
[192,"4.84mPTL-53","4.84米平台梁-53","HN550*200*10*16","根",1,634.6,634.6,634.6,"6.841*0.330*0.550",{"v":1.2416415,"d":"1.242"},"安徽巢湖"]
[193,"4.84mPTL-54","4.84米平台梁-54","HN550*200*10*16","根",1,634.6,{"$f":"G195*F195","v":634.6},634.6,"6.841*0.330*0.550",{"v":1.2416415,"d":"1.242"},"安徽巢湖"]
[194,"4.84mPTL-55","4.84米平台梁-55","HN550*200*10*16","根",4,624.7,2498.8,2498.8,"6.841*0.270*0.550",{"v":4.063554,"d":"4.064"},"安徽巢湖"]
[195,"4.84mPTL-56","4.84米平台梁-56","HN550*200*10*16","根",2,322.9,645.8,645.8,"3.521*0.270*0.550",{"v":1.045737,"d":"1.046"},"安徽巢湖"]
[196,"4.84mPTL-57","4.84米平台梁-57","HN550*200*10*16","根",1,505.7,505.7,505.7,"5.341*0.390*0.550",{"v":1.1456445,"d":"1.146"},"安徽巢湖"]
[197,"4.84mPTL-58","4.84米平台梁-58","HN550*200*10*16","根",1,694.3,694.3,694.3,"7.060*0.295*0.550",{"v":1.145485,"d":"1.145"},"安徽巢湖"]
[198,"4.84mPTL-59","4.84米平台梁-59","HN550*200*10*16","根",1,694.3,694.3,694.3,"7.060*0.295*0.550",{"v":1.145485,"d":"1.145"},"安徽巢湖"]
[199,"4.84mPTL-60","4.84米平台梁-60","HN550*200*10*16","根",1,674.4,674.4,674.4,"7.060*0.295*0.550",{"v":1.145485,"d":"1.145"},"安徽巢湖"]
[200,"4.84mPTL-61","4.84米平台梁-61","HN550*200*10*16","根",1,674.4,674.4,674.4,"7.060*0.295*0.550",{"v":1.145485,"d":"1.145"},"安徽巢湖"]
[201,"4.84mPTL-62","4.84米平台梁-62","HN550*200*10*16","根",1,469.9,469.9,469.9,"4.760*0.390*0.550",{"v":1.02102,"d":"1.021"},"安徽巢湖"]
[202,"4.84mPTL-63","4.84米平台梁-63","HN550*200*10*16","根",1,495.7,495.7,495.7,"5.060*0.390*0.550",{"v":1.08537,"d":"1.085"},"安徽巢湖"]
[203,"4.84mPTL-64","4.84米平台梁-64","HN550*200*10*16","根",1,495.7,495.7,495.7,"5.060*0.390*0.550",{"v":1.08537,"d":"1.085"},"安徽巢湖"]
[204,"4.84mPTL-65","4.84米平台梁-65","HN550*200*10*16","根",1,508.6,508.6,508.6,"5.060*0.390*0.550",{"v":1.08537,"d":"1.085"},"安徽巢湖"]
[205,"4.84mPTL-66","4.84米平台梁-66","HN550*200*10*16","根",1,462.9,462.9,462.9,"5.060*0.270*0.550",{"v":0.75141,"d":"0.751"},"安徽巢湖"]
[206,"4.84mPTL-67","4.84米平台梁-67","HN550*200*10*16","根",1,581.1,581.1,581.1,"6.360*0.270*0.550",{"v":0.94446,"d":"0.944"},"安徽巢湖"]
[207,"4.84mPTL-68","4.84米平台梁-68","HN550*200*10*16","根",2,417.4,834.8,834.8,"4.560*0.270*0.550",{"v":1.35432,"d":"1.354"},"安徽巢湖"]
[208,"4.84mPTL-69","4.84米平台梁-69","HN550*200*10*16","根",1,599.5,599.5,599.5,"6.060*0.390*0.550",{"v":1.29987,"d":"1.300"},"安徽巢湖"]
[209,"4.84mPTL-70","4.84米平台梁-70","HN550*200*10*16","根",1,599.5,599.5,599.5,"6.060*0.390*0.550",{"v":1.29987,"d":"1.300"},"安徽巢湖"]
[210,"4.84mPTL-71","4.84米平台梁-71","HN550*200*10*16","根",1,660.9,660.9,660.9,"7.270*0.200*0.550",{"v":0.7997,"d":"0.800"},"安徽巢湖"]
[211,"4.84mPTL-72","4.84米平台梁-72","HN550*200*10*16","根",1,670.8,670.8,670.8,"7.270*0.295*0.550",{"v":1.1795575,"d":"1.180"},"安徽巢湖"]
[212,"4.84mPTL-73","4.84米平台梁-73","HN550*200*10*16","根",1,489.2,489.2,489.2,"4.970*0.295*0.550",{"v":0.8063825,"d":"0.806"},"安徽巢湖"]
[213,"4.84mPTL-74","4.84米平台梁-74","HN550*200*10*16","根",1,506.6,506.6,506.6,"5.270*0.295*0.550",{"v":0.8550575,"d":"0.855"},"安徽巢湖"]
[214,"4.84mPTL-75","4.84米平台梁-75","HN550*200*10*16","根",1,515.7,515.7,515.7,"5.270*0.295*0.550",{"v":0.8550575,"d":"0.855"},"安徽巢湖"]
[215,"4.84mPTL-76","4.84米平台梁-76","HN550*200*10*16","根",1,506.6,506.6,506.6,"5.270*0.295*0.550",{"v":0.8550575,"d":"0.855"},"安徽巢湖"]
[216,"4.84mPTL-77","4.84米平台梁-77","HN550*200*10*16","根",1,616.6,616.6,616.6,"6.270*0.390*0.550",{"v":1.344915,"d":"1.345"},"安徽巢湖"]
[217,"9.33mPTL-1","9.33米平台梁-1","HN300*150*6.5*9","根",1,96.8,96.8,96.8,"2.720*0.150*0.300",{"v":0.1224,"d":"0.122"},"安徽巢湖"]
[218,"9.33mPTL-2","9.33米平台梁-2","HN400*200*8*13","根",1,174.9,174.9,174.9,"2.720*0.200*0.400",{"v":0.2176,"d":"0.218"},"安徽巢湖"]
[219,"9.33mPTL-3","9.33米平台梁-3","HN400*200*8*13","根",46,332.5,15295,15295,"5.170*0.200*0.400",{"v":19.0256,"d":"19.026"},"安徽巢湖"]
[220,"9.33mPTL-4","9.33米平台梁-4","HN400*200*8*13","根",28,247.6,6932.8,6932.8,"3.850*0.200*0.400",8.624,"安徽巢湖"]
[221,"9.33mPTL-5","9.33米平台梁-5","HN400*200*8*13","根",28,300.3,8408.4,8408.4,"4.670*0.200*0.400",{"v":10.460799999999999,"d":"10.461"},"安徽巢湖"]
[222,"9.33mPTL-6","9.33米平台梁-6","HN400*200*8*13","根",4,313.2,1252.8,1252.8,"4.870*0.200*0.400",{"v":1.5584,"d":"1.558"},"安徽巢湖"]
[223,"9.33mPTL-7","9.33米平台梁-7","HN400*200*8*13","根",4,396.8,1587.2,1587.2,"6.170*0.200*0.400",{"v":1.9744,"d":"1.974"},"安徽巢湖"]
[224,"9.33mPTL-8","9.33米平台梁-8","HN700*300*13*24","根",1,1286.5,1286.5,1286.5,"7.060*0.421*0.700",{"v":2.080582,"d":"2.081"},"安徽巢湖"]
[225,"9.33mPTL-9","9.33米平台梁-9","HN700*300*13*24","根",1,1286.5,1286.5,1286.5,"7.060*0.421*0.700",{"v":2.080582,"d":"2.081"},"安徽巢湖"]
[226,"9.33mPTL-10","9.33米平台梁-10","HN700*300*13*24","根",1,1439.9,1439.9,1439.9,"6.972*0.490*0.700",{"v":2.391396,"d":"2.391"},"安徽巢湖"]
[227,"9.33mPTL-11","9.33米平台梁-11","HN700*300*13*24","根",1,1439.9,1439.9,1439.9,"6.972*0.490*0.700",{"v":2.391396,"d":"2.391"},"安徽巢湖"]
[228,"9.33mPTL-12","9.33米平台梁-12","HN700*300*13*24","根",3,1411.6,4234.799999999999,4234.799999999999,"6.972*0.490*0.700",{"v":7.174187999999999,"d":"7.174"},"安徽巢湖"]
[229,"9.33mPTL-13","9.33米平台梁-13","HN700*300*13*24","根",3,1411.6,4234.799999999999,4234.799999999999,"6.972*0.490*0.700",{"v":7.174187999999999,"d":"7.174"},"安徽巢湖"]
[230,"9.33mPTL-14","9.33米平台梁-14","HN700*300*13*24","根",8,1388.8,11110.4,11110.4,"6.972*0.490*0.700",{"v":19.131168,"d":"19.131"},"安徽巢湖"]
[231,"9.33mPTL-15","9.33米平台梁-15","HN700*300*13*24","根",1,1293.2,1293.2,1293.2,"6.972*0.490*0.700",{"v":2.391396,"d":"2.391"},"安徽巢湖"]
[232,"9.33mPTL-16","9.33米平台梁-16","HN700*300*13*24","根",1,1293.2,1293.2,1293.2,"6.972*0.490*0.700",{"v":2.391396,"d":"2.391"},"安徽巢湖"]
[233,"9.33mPTL-17","9.33米平台梁-17","HN700*300*13*24","根",1,1406.8,1406.8,1406.8,"6.972*0.490*0.700",{"v":2.391396,"d":"2.391"},"安徽巢湖"]
[234,"9.33mPTL-18","9.33米平台梁-18","HN700*300*13*24","根",1,1406.8,1406.8,1406.8,"6.972*0.490*0.700",{"v":2.391396,"d":"2.391"},"安徽巢湖"]
[235,"9.33mPTL-19","9.33米平台梁-19","HN700*300*13*24","根",1,1288.7,1288.7,1288.7,"6.972*0.430*0.700",{"v":2.098572,"d":"2.099"},"安徽巢湖"]
[236,"9.33mPTL-20","9.33米平台梁-20","HN700*300*13*24","根",1,1288.7,1288.7,1288.7,"6.972*0.430*0.700",{"v":2.098572,"d":"2.099"},"安徽巢湖"]
[237,"9.33mPTL-21","9.33米平台梁-21","HN700*300*13*24","根",1,1288.7,1288.7,1288.7,"6.972*0.430*0.700",{"v":2.098572,"d":"2.099"},"安徽巢湖"]
[238,"9.33mPTL-22","9.33米平台梁-22","HN700*300*13*24","根",1,1288.7,1288.7,1288.7,"6.972*0.430*0.700",{"v":2.098572,"d":"2.099"},"安徽巢湖"]
[239,"9.33mPTL-23","9.33米平台梁-23","HN700*300*13*24","根",1,1287,1287,1287,"7.060*0.430*0.700",{"v":2.12506,"d":"2.125"},"安徽巢湖"]
[240,"9.33mPTL-24","9.33米平台梁-24","HN700*300*13*24","根",2,1389,2778,2778,"7.060*0.430*0.700",{"v":4.25012,"d":"4.250"},"安徽巢湖"]
[241,"9.33mPTL-25","9.33米平台梁-25","HN700*300*13*24","根",2,1389,2778,2778,"7.060*0.430*0.700",{"v":4.25012,"d":"4.250"},"安徽巢湖"]
[242,"9.33mPTL-26","9.33米平台梁-26","HN700*300*13*24","根",1,1287.7,1287.7,1287.7,"7.060*0.430*0.700",{"v":2.12506,"d":"2.125"},"安徽巢湖"]
[243,"9.33mPTL-27","9.33米平台梁-27","HN550*200*10*16","根",1,505.7,505.7,505.7,"5.341*0.390*0.550",{"v":1.1456445,"d":"1.146"},"安徽巢湖"]
[244,"9.33mPTL-28","9.33米平台梁-28","HN550*200*10*16","根",2,481.7,963.4,963.4,"5.121*0.330*0.550",{"v":1.858923,"d":"1.859"},"安徽巢湖"]
[245,"9.33mPTL-29","9.33米平台梁-29","HN550*200*10*16","根",1,669.6,669.6,669.6,"7.270*0.286*0.550",{"v":1.143571,"d":"1.144"},"安徽巢湖"]
[246,"9.33mPTL-30","9.33米平台梁-30","HN550*200*10*16","根",1,669.6,669.6,669.6,"7.270*0.280*0.550",{"v":1.11958,"d":"1.120"},"安徽巢湖"]
[247,"9.33mPTL-31","9.33米平台梁-31","HN550*200*10*16","根",8,423,3384,3384,"4.621*0.270*0.550",{"v":5.489748,"d":"5.490"},"安徽巢湖"]
[248,"9.33mPTL-32","9.33米平台梁-32","HN550*200*10*16","根",4,513.9,2055.6,2055.6,"5.621*0.270*0.550",{"v":3.338874,"d":"3.339"},"安徽巢湖"]
[249,"9.33mPTL-33","9.33米平台梁-33","HN550*200*10*16","根",2,481.7,963.4,963.4,"5.121*0.330*0.550",{"v":1.858923,"d":"1.859"},"安徽巢湖"]
[250,"9.33mPTL-34","9.33米平台梁-34","HN550*200*10*16","根",2,541.1,1082.2,1082.2,"5.921*0.270*0.550",{"v":1.758537,"d":"1.759"},"安徽巢湖"]
[251,"9.33mPTL-35","9.33米平台梁-35","HN550*200*10*16","根",4,303,1212,1212,"3.301*0.270*0.550",{"v":1.960794,"d":"1.961"},"安徽巢湖"]
[252,"9.33mPTL-36","9.33米平台梁-36","HN550*200*10*16","根",4,377.5,1510,1510,"4.121*0.270*0.550",{"v":2.447874,"d":"2.448"},"安徽巢湖"]
[253,"9.33mPTL-37","9.33米平台梁-37","HN550*200*10*16","根",2,395.7,791.4,791.4,"4.321*0.270*0.550",{"v":1.283337,"d":"1.283"},"安徽巢湖"]
[254,"9.33mPTL-38","9.33米平台梁-38","HN550*200*10*16","根",2,322.9,645.8,645.8,"3.521*0.270*0.550",{"v":1.045737,"d":"1.046"},"安徽巢湖"]
[255,"9.33mPTL-39","9.33米平台梁-39","HN550*200*10*16","根",1,505.7,505.7,505.7,"5.341*0.390*0.550",{"v":1.1456445,"d":"1.146"},"安徽巢湖"]
[256,"9.33mPTL-40","9.33米平台梁-40","HN550*200*10*16","根",1,435.6,435.6,435.6,"4.760*0.270*0.550",{"v":0.70686,"d":"0.707"},"安徽巢湖"]
[257,"9.33mPTL-41","9.33米平台梁-41","HN550*200*10*16","根",3,462.9,{"$f":"G259*F259","v":1388.6999999999998},1388.6999999999998,"5.060*0.270*0.550",{"v":2.25423,"d":"2.254"},"安徽巢湖"]
[258,"9.33mPTL-42","9.33米平台梁-42","HN550*200*10*16","根",1,462.3,462.3,462.3,"5.060*0.270*0.550",{"v":0.75141,"d":"0.751"},"安徽巢湖"]
[259,"9.33mPTL-43","9.33米平台梁-43","HN550*200*10*16","根",1,581.1,581.1,581.1,"6.360*0.270*0.550",{"v":0.94446,"d":"0.944"},"安徽巢湖"]
[260,"9.33mPTL-44","9.33米平台梁-44","HN550*200*10*16","根",2,417.4,834.8,834.8,"4.560*0.270*0.550",{"v":1.35432,"d":"1.354"},"安徽巢湖"]
[261,"9.33mPTL-45","9.33米平台梁-45","HN550*200*10*16","根",3,553.8,1661.3999999999999,1661.3999999999999,"6.060*0.270*0.550",{"v":2.6997299999999997,"d":"2.700"},"安徽巢湖"]
[262,"9.33mPTL-46","9.33米平台梁-46","HN550*200*10*16","根",1,670,670,670,"7.270*0.295*0.550",{"v":1.1795575,"d":"1.180"},"安徽巢湖"]
[263,"9.33mPTL-47","9.33米平台梁-47","HN550*200*10*16","根",1,670.8,670.8,670.8,"7.270*0.295*0.550",{"v":1.1795575,"d":"1.180"},"安徽巢湖"]
[264,"9.33mPTL-48","9.33米平台梁-48","HN550*200*10*16","根",14,560.9,7852.599999999999,7852.599999999999,"6.170*0.200*0.550",{"v":9.5018,"d":"9.502"},"安徽巢湖"]
[265,"9.33mPTL-49","9.33米平台梁-49","HN550*200*10*16","根",14,588.1,8233.4,8233.4,"6.470*0.200*0.550",{"v":9.963799999999999,"d":"9.964"},"安徽巢湖"]
[266,"14.84mPTL-1","14.84米平台梁-1","HN300*150*6.5*9","根",2,96.8,193.6,193.6,"2.720*0.150*0.300",{"v":0.2448,"d":"0.245"},"安徽巢湖"]
[267,"14.84mPTL-2","14.84米平台梁-2","HN400*200*8*13","根",1,174.9,174.9,174.9,"2.720*0.200*0.400",{"v":0.2176,"d":"0.218"},"安徽巢湖"]
[268,"14.84mPTL-3","14.84米平台梁-3","HN400*200*8*13","根",4,403.2,1612.8,1612.8,"6.270*0.200*0.400",{"v":2.0064,"d":"2.006"},"安徽巢湖"]
[269,"14.84mPTL-4","14.84米平台梁-4","HN400*200*8*13","根",4,316.4,1265.6,1265.6,"4.920*0.200*0.400",{"v":1.5744,"d":"1.574"},"安徽巢湖"]
[270,"14.84mPTL-5","14.84米平台梁-5","HN400*200*8*13","根",4,335.7,1342.8,1342.8,"5.220*0.200*0.400",{"v":1.6704,"d":"1.670"},"安徽巢湖"]
[271,"14.84mPTL-6","14.84米平台梁-6","HN700*300*13*24","根",1,1303.8,1303.8,1303.8,"7.060*0.430*0.700",{"v":2.12506,"d":"2.125"},"安徽巢湖"]
[272,"14.84mPTL-7","14.84米平台梁-7","HN700*300*13*24","根",1,1287,1287,1287,"7.060*0.430*0.700",{"v":2.12506,"d":"2.125"},"安徽巢湖"]
[273,"14.84mPTL-8","14.84米平台梁-8","HN700*300*13*24","根",1,1286.5,1286.5,1286.5,"7.060*0.421*0.700",{"v":2.080582,"d":"2.081"},"安徽巢湖"]
[274,"14.84mPTL-9","14.84米平台梁-9","HN700*300*13*24","根",1,1286.5,1286.5,1286.5,"7.060*0.421*0.700",{"v":2.080582,"d":"2.081"},"安徽巢湖"]
[275,"14.84mPTL-10","14.84米平台梁-10","HN700*300*13*24","根",1,2719.8,2719.8,2719.8,"14.560*0.490*0.700",{"v":4.99408,"d":"4.994"},"安徽巢湖"]
[276,"14.84mPTL-11","14.84米平台梁-11","HN550*200*10*16","根",1,439.2,439.2,439.2,"4.815*0.270*0.550",{"v":0.7150275,"d":"0.715"},"安徽巢湖"]
[277,"14.84mPTL-12","14.84米平台梁-12","HN550*200*10*16","根",1,466.4,466.4,466.4,"5.115*0.270*0.550",{"v":0.7595775,"d":"0.760"},"安徽巢湖"]
[278,"14.84mPTL-13","14.84米平台梁-13","HN550*200*10*16","根",2,423,846,846,"4.621*0.270*0.550",{"v":1.372437,"d":"1.372"},"安徽巢湖"]
[279,"14.84mPTL-14","14.84米平台梁-14","HN550*200*10*16","根",4,513.9,2055.6,2055.6,"5.621*0.270*0.550",{"v":3.338874,"d":"3.339"},"安徽巢湖"]
[280,"14.84mPTL-15","14.84米平台梁-15","HN550*200*10*16","根",2,481.7,963.4,963.4,"5.121*0.330*0.550",{"v":1.858923,"d":"1.859"},"安徽巢湖"]
[281,"14.84mPTL-16","14.84米平台梁-16","HN550*200*10*16","根",2,481.7,963.4,963.4,"5.121*0.330*0.550",{"v":1.858923,"d":"1.859"},"安徽巢湖"]
[282,"14.84mPTL-17","14.84米平台梁-17","HN550*200*10*16","根",2,541.1,1082.2,1082.2,"5.921*0.270*0.550",{"v":1.758537,"d":"1.759"},"安徽巢湖"]
[283,"14.84mPTL-18","14.84米平台梁-18","HN550*200*10*16","根",4,303,1212,1212,"3.301*0.270*0.550",{"v":1.960794,"d":"1.961"},"安徽巢湖"]
[284,"14.84mPTL-19","14.84米平台梁-19","HN550*200*10*16","根",2,377.5,755,755,"4.121*0.270*0.550",{"v":1.223937,"d":"1.224"},"安徽巢湖"]
[285,"14.84mPTL-20","14.84米平台梁-20","HN550*200*10*16","根",2,395.7,791.4,791.4,"4.321*0.270*0.550",{"v":1.283337,"d":"1.283"},"安徽巢湖"]
[286,"14.84mPTL-21","14.84米平台梁-21","HN550*200*10*16","根",2,922.9,1845.8,1845.8,"10.121*0.270*0.550",{"v":3.005937,"d":"3.006"},"安徽巢湖"]
[287,"14.84mPTL-22","14.84米平台梁-22","HN550*200*10*16","根",2,877.5,1755,1755,"9.621*0.270*0.550",{"v":2.857437,"d":"2.857"},"安徽巢湖"]
[288,"14.84mPTL-23","14.84米平台梁-23","HN550*200*10*16","根",1,669.6,669.6,669.6,"7.270*0.295*0.550",{"v":1.1795575,"d":"1.180"},"安徽巢湖"]
[289,"14.84mPTL-24","14.84米平台梁-24","HN550*200*10*16","根",4,644.6,2578.4,2578.4,"6.841*0.330*0.550",{"v":4.966566,"d":"4.967"},"安徽巢湖"]
[290,"14.84mPTL-25","14.84米平台梁-25","HN550*200*10*16","根",1,669.6,669.6,669.6,"7.270*0.295*0.550",{"v":1.1795575,"d":"1.180"},"安徽巢湖"]
[291,"14.84mPTL-26","14.84米平台梁-26","HN550*200*10*16","根",4,644.6,2578.4,2578.4,"6.841*0.330*0.550",{"v":4.966566,"d":"4.967"},"安徽巢湖"]
[292,"14.84mPTL-27","14.84米平台梁-27","HN550*200*10*16","根",1,505.7,505.7,505.7,"5.341*0.390*0.550",{"v":1.1456445,"d":"1.146"},"安徽巢湖"]
[293,"14.84mPTL-28","14.84米平台梁-28","HN700*300*13*24","根",1,503.4,503.4,503.4,"5.341*0.390*0.550",{"v":1.1456445,"d":"1.146"},"安徽巢湖"]
[294,"14.84mPTL-29","14.84米平台梁-29","HN550*200*10*16","根",1,679.9,679.9,679.9,"7.270*0.295*0.550",{"v":1.1795575,"d":"1.180"},"安徽巢湖"]
[295,"14.84mPTL-30","14.84米平台梁-30","HN550*200*10*16","根",1,670,670,670,"7.270*0.295*0.550",{"v":1.1795575,"d":"1.180"},"安徽巢湖"]
[296,"WML-1","屋面梁-1","HN550*200*10*16","根",1,654.2,654.2,654.2,"6.841*0.390*0.550",{"v":1.4673945,"d":"1.467"},"安徽巢湖"]
[297,"WML-2","屋面梁-2","HN400*200*8*13","根",4,403.3,1613.2,1613.2,"6.271*0.200*0.400",{"v":2.00672,"d":"2.007"},"安徽巢湖"]
[298,"WML-3","屋面梁-3","HN400*200*8*13","根",8,178.2,1425.6,1425.6,"2.771*0.200*0.400",{"v":1.77344,"d":"1.773"},"安徽巢湖"]
[299,"WML-4","屋面梁-4","HN400*200*8*13","根",6,174.9,1049.4,1049.4,"2.720*0.200*0.400",{"v":1.3055999999999999,"d":"1.306"},"安徽巢湖"]
[300,"WML-5","屋面梁-5","HN400*200*8*13","根",10,247.6,2476,2476,"3.851*0.200*0.400",{"v":3.0808,"d":"3.081"},"安徽巢湖"]
[301,"WML-6","屋面梁-6","HN400*200*8*13","根",5,300.4,1502,1502,"4.671*0.200*0.400",{"v":1.8684,"d":"1.868"},"安徽巢湖"]
[302,"WML-7","屋面梁-7","HN400*200*8*13","根",4,335.8,1343.2,1343.2,"5.221*0.200*0.400",{"v":1.67072,"d":"1.671"},"安徽巢湖"]
[303,"WML-8","屋面梁-8","HN400*200*8*13","根",4,316.5,1266,1266,"4.921*0.200*0.400",{"v":1.57472,"d":"1.575"},"安徽巢湖"]
[304,"WML-9","屋面梁-9","HN550*200*10*16","根",1,654.2,654.2,654.2,"6.841*0.390*0.550",{"v":1.4673945,"d":"1.467"},"安徽巢湖"]
[305,"WML-10","屋面梁-10","HN400*200*8*13","根",5,416.2,2081,2081,"6.471*0.200*0.400",{"v":2.5884,"d":"2.588"},"安徽巢湖"]
[306,"WML-11","屋面梁-11","HN400*200*8*13","根",4,400.1,1600.4,1600.4,"6.221*0.200*0.400",{"v":1.99072,"d":"1.991"},"安徽巢湖"]
[307,"WML-12","屋面梁-12","HN700*300*13*24","根",1,1304.6,1304.6,1304.6,"7.060*0.440*0.700",{"v":2.17448,"d":"2.174"},"安徽巢湖"]
[308,"WML-13","屋面梁-13","HN700*300*13*24","根",1,1304.6,1304.6,1304.6,"7.060*0.440*0.700",{"v":2.17448,"d":"2.174"},"安徽巢湖"]
[309,"WML-14","屋面梁-14","HN700*300*13*24","根",1,1304.6,1304.6,1304.6,"7.060*0.440*0.700",{"v":2.17448,"d":"2.174"},"安徽巢湖"]
[310,"WML-15","屋面梁-15","HN700*300*13*24","根",1,1287.7,1287.7,1287.7,"7.060*0.440*0.700",{"v":2.17448,"d":"2.174"},"安徽巢湖"]
[311,"WML-16","屋面梁-16","HN700*300*13*24","根",1,2719.8,2719.8,2719.8,"14.560*0.500*0.700",5.096,"安徽巢湖"]
[312,"WML-17","屋面梁-17","HN700*300*13*24","根",2,2713.3,5426.6,5426.6,"14.560*0.500*0.700",10.192,"安徽巢湖"]
[313,"WML-18","屋面梁-18","HN700*300*13*24","根",1,2702,2702,2702,"14.560*0.430*0.700",{"v":4.38256,"d":"4.383"},"安徽巢湖"]
[314,"WML-19","屋面梁-19","HN700*300*13*24","根",1,2702,2702,2702,"14.560*0.440*0.700",{"v":4.48448,"d":"4.484"},"安徽巢湖"]
[315,"WML-20","屋面梁-20","HN550*200*10*16","根",2,423,846,846,"4.622*0.270*0.550",{"v":1.372734,"d":"1.373"},"安徽巢湖"]
[316,"WML-21","屋面梁-21","HN550*200*10*16","根",2,481.7,963.4,963.4,"5.122*0.330*0.550",{"v":1.859286,"d":"1.859"},"安徽巢湖"]
[317,"WML-22","屋面梁-22","HN550*200*10*16","根",2,481.7,963.4,963.4,"5.122*0.330*0.550",{"v":1.859286,"d":"1.859"},"安徽巢湖"]
[318,"WML-23","屋面梁-23","HN550*200*10*16","根",4,303,1212,1212,"3.302*0.270*0.550",{"v":1.961388,"d":"1.961"},"安徽巢湖"]
[319,"WML-24","屋面梁-24","HN550*200*10*16","根",2,377.6,755.2,755.2,"4.122*0.270*0.550",{"v":1.224234,"d":"1.224"},"安徽巢湖"]
[320,"WML-25","屋面梁-25","HN550*200*10*16","根",2,923.1,1846.2,1846.2,"10.123*0.270*0.550",{"v":3.006531,"d":"3.007"},"安徽巢湖"]
[321,"WML-26","屋面梁-26","HN550*200*10*16","根",2,541.2,{"$f":"G323*F323","v":1082.4},1082.4,"5.922*0.270*0.550",{"v":1.758834,"d":"1.759"},"安徽巢湖"]
[322,"WML-27","屋面梁-27","HN550*200*10*16","根",2,395.8,791.6,791.6,"4.322*0.270*0.550",{"v":1.283634,"d":"1.284"},"安徽巢湖"]
[323,"WML-28","屋面梁-28","HN550*200*10*16","根",2,877.6,1755.2,1755.2,"9.623*0.270*0.550",{"v":2.858031,"d":"2.858"},"安徽巢湖"]
[324,"WML-29","屋面梁-29","HN550*200*10*16","根",4,514,2056,2056,"5.622*0.270*0.550",{"v":3.339468,"d":"3.339"},"安徽巢湖"]
[325,"WML-30","屋面梁-30","HN550*200*10*16","根",3,649.1,1947.3000000000002,1947.3000000000002,"6.841*0.390*0.550",{"v":4.4021835,"d":"4.402"},"安徽巢湖"]
[326,"WML-31","屋面梁-31","HN550*200*10*16","根",3,649.1,1947.3000000000002,1947.3000000000002,"6.841*0.390*0.550",{"v":4.4021835,"d":"4.402"},"安徽巢湖"]
[327,"WML-32","屋面梁-32","HN550*200*10*16","根",1,466,466,466,"5.116*0.270*0.550",{"v":0.759726,"d":"0.760"},"安徽巢湖"]
[328,"WML-33","屋面梁-33","HN550*200*10*16","根",1,505.3,505.3,505.3,"5.341*0.390*0.550",{"v":1.1456445,"d":"1.146"},"安徽巢湖"]
[329,"WML-34","屋面梁-34","HN550*200*10*16","根",1,554,554,554,"6.072*0.270*0.550",{"v":0.901692,"d":"0.902"},"安徽巢湖"]
[330,"WML-35","屋面梁-35","HN550*200*10*16","根",1,967.2,967.2,967.2,"10.628*0.270*0.550",{"v":1.578258,"d":"1.578"},"安徽巢湖"]
[331,"WML-36","屋面梁-36","HN550*200*10*16","根",1,439.9,439.9,439.9,"4.827*0.270*0.550",{"v":0.7168095,"d":"0.717"},"安徽巢湖"]
[332,"WML-37","屋面梁-37","HN550*200*10*16","根",1,558.1,558.1,558.1,"6.127*0.270*0.550",{"v":0.9098595,"d":"0.910"},"安徽巢湖"]
[333,"WML-38","屋面梁-38","HN550*200*10*16","根",5,924.7,4623.5,4623.5,"10.172*0.200*0.550",{"v":5.5946,"d":"5.595"},"安徽巢湖"]
[334,"WML-39","屋面梁-39","HN550*200*10*16","根",2,685.2,1370.4,1370.4,"7.270*0.400*0.550",{"v":3.1988,"d":"3.199"},"安徽巢湖"]
[335,"WML-40","屋面梁-40","HN400*200*8*13","根",1,191.6,191.6,191.6,"2.729*0.600*0.200",{"v":0.32748,"d":"0.327"},"安徽巢湖"]
[336,"WML-41","屋面梁-41","HN550*200*10*16","根",1,690.6,690.6,690.6,"7.270*0.400*0.550",{"v":1.5994,"d":"1.599"},"安徽巢湖"]
[337,"WML-42","屋面梁-42","HN850*300*16*27","根",1,3438,3438,3438,"14.560*0.490*0.850",{"v":6.06424,"d":"6.064"},"安徽巢湖"]
[338,"WML-43","屋面梁-43","HN850*300*16*27","根",1,3438,3438,3438,"14.560*0.500*0.850",6.188,"安徽巢湖"]
[339,"WML-44","屋面梁-44","HN850*300*16*27","根",1,3441.4,3441.4,3441.4,"14.560*0.500*0.850",6.188,"安徽巢湖"]
[340,"WML-45","屋面梁-45","HN550*200*10*16","根",4,974.7,3898.8,3898.8,"10.722*0.200*0.550",{"v":4.71768,"d":"4.718"},"安徽巢湖"]
[341,"WML-46","屋面梁-46","HN550*200*10*16","根",1,515.9,515.9,515.9,"5.341*0.390*0.550",{"v":1.1456445,"d":"1.146"},"安徽巢湖"]
[342,"WML-47","屋面梁-47","HN550*200*10*16","根",1,685.2,685.2,685.2,"7.270*0.390*0.550",{"v":1.559415,"d":"1.559"},"安徽巢湖"]
[343,"WML-48","屋面梁-48","HN400*200*8*13","根",1,182.9,182.9,182.9,"2.720*0.280*0.400",{"v":0.30464,"d":"0.305"},"安徽巢湖"]
[344,"TL-1","梯梁-1","HM244*175*7*11                 ","根",8,90.9,727.2,727.2,"2.158*0.175*0.244",{"v":0.7371728,"d":"0.737"},"安徽巢湖"]
[345,"TL-2","梯梁-2","HM244*175*7*11                 ","根",8,79,632,632,"1.878*0.175*0.244",{"v":0.6415248,"d":"0.642"},"安徽巢湖"]
[346,"TL-3","梯梁-3","HM244*175*7*11                 ","根",8,86,688,688,"2.044*0.175*0.244",{"v":0.6982304,"d":"0.698"},"安徽巢湖"]
[347,"TL-4","梯梁-4","HM244*175*7*11                 ","根",16,117.6,1881.6,1881.6,"2.788*0.175*0.244",{"v":1.9047616,"d":"1.905"},"安徽巢湖"]
[348,"TL-5","梯梁-5","HM244*175*7*11                 ","根",12,113.2,1358.4,1358.4,"2.685*0.175*0.244",{"v":1.375794,"d":"1.376"},"安徽巢湖"]
[349,"TL-6","梯梁-6","HM244*175*7*11                 ","根",4,74.2,296.8,296.8,"1.764*0.175*0.244",{"v":0.3012912,"d":"0.301"},"安徽巢湖"]
[350,"TL-7","梯梁-7","HM244*175*7*11                 ","根",8,115.4,923.2,923.2,"2.720*0.175*0.244",{"v":0.929152,"d":"0.929"},"安徽巢湖"]
[351,"TZ-1","梯柱-1","HW200*200*8*12                 ","根",1,159.9,159.9,159.9,"2.850*0.280*0.300",{"v":0.2394,"d":"0.239"},"安徽巢湖"]
[352,"TZ-2","梯柱-2","HW200*200*8*12                 ","根",1,159.9,159.9,159.9,"2.850*0.280*0.300",{"v":0.2394,"d":"0.239"},"安徽巢湖"]
[353,"TZ-3","梯柱-3","HW200*200*8*12                 ","根",1,159.9,159.9,159.9,"2.850*0.280*0.300",{"v":0.2394,"d":"0.239"},"安徽巢湖"]
[354,"TZ-4","梯柱-4","HW200*200*8*12                 ","根",1,159.9,159.9,159.9,"2.850*0.280*0.300",{"v":0.2394,"d":"0.239"},"安徽巢湖"]
[355,"TZ-5","梯柱-5","HW200*200*8*12                 ","根",1,159.9,159.9,159.9,"2.850*0.280*0.300",{"v":0.2394,"d":"0.239"},"安徽巢湖"]
[356,"TZ-6","梯柱-6","HW200*200*8*12                 ","根",1,159.9,159.9,159.9,"2.850*0.280*0.300",{"v":0.2394,"d":"0.239"},"安徽巢湖"]
[357,"TZ-7","梯柱-7","HW200*200*8*12                 ","根",1,86.8,86.8,86.8,"1.350*0.280*0.300",{"v":0.1134,"d":"0.113"},"安徽巢湖"]
[358,"TZ-8","梯柱-8","HW200*200*8*12                 ","根",1,86.8,86.8,86.8,"1.350*0.280*0.300",{"v":0.1134,"d":"0.113"},"安徽巢湖"]
[359,"TZ-9","梯柱-9","HW200*200*8*12                 ","根",1,86.8,86.8,86.8,"1.350*0.280*0.300",{"v":0.1134,"d":"0.113"},"安徽巢湖"]
[360,"TZ-10","梯柱-10","HW200*200*8*12                 ","根",1,86.8,86.8,86.8,"1.350*0.280*0.300",{"v":0.1134,"d":"0.113"},"安徽巢湖"]
[361,"TZ-11","梯柱-11","HW200*200*8*12                 ","根",1,86.8,86.8,86.8,"1.350*0.280*0.300",{"v":0.1134,"d":"0.113"},"安徽巢湖"]
[362,"TZ-12","梯柱-12","HW200*200*8*12                 ","根",1,86.8,86.8,86.8,"1.350*0.280*0.300",{"v":0.1134,"d":"0.113"},"安徽巢湖"]
[363,"TZ-13","梯柱-13","HW200*200*8*12                 ","根",1,86.8,86.8,86.8,"1.350*0.280*0.300",{"v":0.1134,"d":"0.113"},"安徽巢湖"]
[364,"TZ-14","梯柱-14","HW200*200*8*12                 ","根",1,86.8,86.8,86.8,"1.350*0.280*0.300",{"v":0.1134,"d":"0.113"},"安徽巢湖"]
[365,"TZ-15","梯柱-15","HW200*200*8*12                 ","根",1,91.6,91.6,91.6,"1.520*0.280*0.300",{"v":0.12768,"d":"0.128"},"安徽巢湖"]
[366,"TZ-16","梯柱-16","HW200*200*8*12                 ","根",1,91.6,91.6,91.6,"1.520*0.280*0.300",{"v":0.12768,"d":"0.128"},"安徽巢湖"]
[367,"TZ-17","梯柱-17","HW200*200*8*12                 ","根",1,91.6,91.6,91.6,"1.520*0.280*0.300",{"v":0.12768,"d":"0.128"},"安徽巢湖"]
[368,"TZ-18","梯柱-18","HW200*200*8*12                 ","根",1,91.6,91.6,91.6,"1.520*0.280*0.300",{"v":0.12768,"d":"0.128"},"安徽巢湖"]
[369,"TZ-19","梯柱-19","HW200*200*8*12                 ","根",1,91.6,91.6,91.6,"1.520*0.280*0.300",{"v":0.12768,"d":"0.128"},"安徽巢湖"]
[370,"TZ-20","梯柱-20","HW200*200*8*12                 ","根",1,91.6,91.6,91.6,"1.520*0.280*0.300",{"v":0.12768,"d":"0.128"},"安徽巢湖"]
[371,"TZ-21","梯柱-21","HW200*200*8*12                 ","根",2,91.1,182.2,182.2,"1.510*0.280*0.300",{"v":0.25368,"d":"0.254"},"安徽巢湖"]
[372,"TZ-22","梯柱-22","HW200*200*8*12                 ","根",2,91.1,182.2,182.2,"1.510*0.280*0.300",{"v":0.25368,"d":"0.254"},"安徽巢湖"]
[373,"TZ-23","梯柱-23","HW200*200*8*12                 ","根",2,91.1,182.2,182.2,"1.510*0.280*0.300",{"v":0.25368,"d":"0.254"},"安徽巢湖"]
[374,"TZ-24","梯柱-24","HW200*200*8*12                 ","根",2,91.1,182.2,182.2,"1.510*0.280*0.300",{"v":0.25368,"d":"0.254"},"安徽巢湖"]
[375,"TZ-25","梯柱-25","HW200*200*8*12                 ","根",2,91.1,182.2,182.2,"1.510*0.280*0.300",{"v":0.25368,"d":"0.254"},"安徽巢湖"]
[376,"TZ-26","梯柱-26","HW200*200*8*12                 ","根",2,91.1,182.2,182.2,"1.510*0.280*0.300",{"v":0.25368,"d":"0.254"},"安徽巢湖"]
[377,"TZ-27","梯柱-27","HW200*200*8*12                 ","根",1,164.2,164.2,164.2,"3.010*0.280*0.300",{"v":0.25284,"d":"0.253"},"安徽巢湖"]
[378,"TZ-28","梯柱-28","HW200*200*8*12                 ","根",1,164.2,164.2,164.2,"3.010*0.280*0.300",{"v":0.25284,"d":"0.253"},"安徽巢湖"]
[379,"TZ-29","梯柱-29","HW200*200*8*12                 ","根",1,164.2,164.2,164.2,"3.010*0.280*0.300",{"v":0.25284,"d":"0.253"},"安徽巢湖"]
[380,"TZ-30","梯柱-30","HW200*200*8*12                 ","根",1,164.2,164.2,164.2,"3.010*0.280*0.300",{"v":0.25284,"d":"0.253"},"安徽巢湖"]
[381,"TZ-31","梯柱-31","HW200*200*8*12                 ","根",1,164.2,164.2,164.2,"3.010*0.280*0.300",{"v":0.25284,"d":"0.253"},"安徽巢湖"]
[382,"TZ-32","梯柱-32","HW200*200*8*12                 ","根",1,164.2,164.2,164.2,"3.010*0.280*0.300",{"v":0.25284,"d":"0.253"},"安徽巢湖"]
[383,"TZ-33","梯柱-33","HW200*200*8*12                 ","根",1,164.7,164.7,164.7,"3.020*0.280*0.300",{"v":0.25368,"d":"0.254"},"安徽巢湖"]
[384,"TZ-34","梯柱-34","HW200*200*8*12                 ","根",1,164.7,164.7,164.7,"3.020*0.280*0.300",{"v":0.25368,"d":"0.254"},"安徽巢湖"]
[385,"TZ-35","梯柱-35","HW200*200*8*12                 ","根",1,164.7,{"$f":"G387*F387","v":164.7},164.7,"3.020*0.280*0.300",{"v":0.25368,"d":"0.254"},"安徽巢湖"]
[386,"TZ-36","梯柱-36","HW200*200*8*12                 ","根",1,164.7,164.7,164.7,"3.020*0.280*0.300",{"v":0.25368,"d":"0.254"},"安徽巢湖"]
[387,"TZ-37","梯柱-37","HW200*200*8*12                 ","根",1,164.7,164.7,164.7,"3.020*0.280*0.300",{"v":0.25368,"d":"0.254"},"安徽巢湖"]
[388,"TZ-38","梯柱-38","HW200*200*8*12                 ","根",1,164.7,164.7,164.7,"3.020*0.280*0.300",{"v":0.25368,"d":"0.254"},"安徽巢湖"]
[389,"DKL-1","洞口梁-1","C10                            ","根",1,9.6,9.6,9.6,"1.042*0.042*0.100",{"v":0.0043764,"d":"0.004"},"安徽巢湖"]
[390,"DKL-2","洞口梁-2","C10                            ","根",1,8.6,8.6,8.6,"0.937*0.042*0.100",{"v":0.0039354,"d":"0.004"},"安徽巢湖"]
[391,"DKL-3","洞口梁-3","C10                            ","根",1,9.6,9.6,9.6,"1.041*0.042*0.100",{"v":0.0043722,"d":"0.004"},"安徽巢湖"]
[392,"DKL-4","洞口梁-4","C10                            ","根",4,4.7,18.8,18.8,"0.486*0.042*0.100",{"v":0.0081648,"d":"0.008"},"安徽巢湖"]
[393,"DKL-5","洞口梁-5","C10                            ","根",7,4.8,33.6,33.6,"0.500*0.042*0.100",{"v":0.0147,"d":"0.015"},"安徽巢湖"]
[394,"DKL-6","洞口梁-6","C10                            ","根",1,6.4,6.4,6.4,"0.695*0.042*0.100",{"v":0.002919,"d":"0.003"},"安徽巢湖"]
[395,"DKL-7","洞口梁-7","C10                            ","根",2,6.4,12.8,12.8,"0.697*0.042*0.100",{"v":0.0058548,"d":"0.006"},"安徽巢湖"]
[396,"DKL-8","洞口梁-8","C10                            ","根",1,4,4,4,"0.446*0.042*0.100",{"v":1.8732E-3,"d":"0.002"},"安徽巢湖"]
[397,"DKL-9","洞口梁-9","C10                            ","根",1,6.4,6.4,6.4,"0.695*0.042*0.100",{"v":0.002919,"d":"0.003"},"安徽巢湖"]
[398,"DKL-10","洞口梁-10","C10                            ","根",1,8.7,8.7,8.7,"0.943*0.042*0.100",{"v":0.0039606,"d":"0.004"},"安徽巢湖"]
[399,"DKL-11","洞口梁-11","C10                            ","根",6,15.8,94.80000000000001,94.80000000000001,"1.695*0.042*0.100",{"v":0.042714,"d":"0.043"},"安徽巢湖"]
[400,"DKL-12","洞口梁-12","C10                            ","根",2,9.4,18.8,18.8,"1.041*0.042*0.100",{"v":0.0087444,"d":"0.009"},"安徽巢湖"]
[401,"DKL-13","洞口梁-13","C10                            ","根",8,18.2,145.6,145.6,"1.942*0.042*0.100",{"v":0.0652512,"d":"0.065"},"安徽巢湖"]
[402,"DKL-14","洞口梁-14","C10                            ","根",4,6.1,24.4,24.4,"0.692*0.042*0.100",{"v":0.0116256,"d":"0.012"},"安徽巢湖"]
[403,"DKL-15","洞口梁-15","C10                            ","根",4,6.2,24.8,24.8,"0.694*0.042*0.100",{"v":0.0116592,"d":"0.012"},"安徽巢湖"]
[404,"DKL-16","洞口梁-16","C10                            ","根",4,9,36,36,"0.992*0.042*0.100",{"v":0.0166656,"d":"0.017"},"安徽巢湖"]
[405,"DKL-17","洞口梁-17","C10                            ","根",4,9.1,36.4,36.4,"0.994*0.042*0.100",{"v":0.0166992,"d":"0.017"},"安徽巢湖"]
[406,"DKL-18","洞口梁-18","C10                            ","根",8,4.3,34.4,34.4,"0.494*0.042*0.100",{"v":0.0165984,"d":"0.017"},"安徽巢湖"]
[407,"DKL-19","洞口梁-19","C10                            ","根",12,8,96,96,"0.892*0.042*0.100",{"v":0.0449568,"d":"0.045"},"安徽巢湖"]
[408,"DKL-20","洞口梁-20","C10                            ","根",2,10.4,20.8,20.8,"1.141*0.042*0.100",{"v":0.0095844,"d":"0.010"},"安徽巢湖"]
[409,"DKL-21","洞口梁-21","C10                            ","根",1,10.4,10.4,10.4,"1.141*0.042*0.100",{"v":0.0047922,"d":"0.005"},"安徽巢湖"]
[410,"HWGB-1","花纹钢板-1","PL5*5080                       ","块",1,695.1,695.1,695.1,"5.080*3.140*0.085",{"v":1.355852,"d":"1.356"},"安徽巢湖"]
[411,"HWGB-2","花纹钢板-2","PL5*5080                       ","块",1,693,693,693,"5.080*3.130*0.085",{"v":1.351534,"d":"1.352"},"安徽巢湖"]
[412,"HWGB-3","花纹钢板-3","PL5*3980                       ","块",2,545.4,1090.8,1090.8,"3.980*3.140*0.085",{"v":2.124524,"d":"2.125"},"安徽巢湖"]
[413,"HWGB-4","花纹钢板-4","PL5*3680                       ","块",2,506.5,1013,1013,"3.680*3.135*0.085",{"v":1.961256,"d":"1.961"},"安徽巢湖"]
[414,"HJJG-1","焊接角钢1","L50*5                    ","根",56,1.6,89.60000000000001,89.60000000000001,"0.490*0.050*0.050",{"v":0.0686,"d":"0.069"},"安徽巢湖"]
[415,"HJJG-2","焊接角钢2","L50*5                    ","根",64,1.6,102.4,102.4,"0.490*0.050*0.050",{"v":0.0784,"d":"0.078"},"安徽巢湖"]
[416,"HJJG-3","焊接角钢3","L50*5                    ","根",64,1.6,102.4,102.4,"0.490*0.050*0.050",{"v":0.0784,"d":"0.078"},"安徽巢湖"]
[417,"HJJG-4","焊接角钢4","L50*5                    ","根",56,1.6,89.60000000000001,89.60000000000001,"0.490*0.050*0.050",{"v":0.0686,"d":"0.069"},"安徽巢湖"]
[418,"HJJG-5","焊接角钢5","L50*5                    ","根",43,1.6,68.8,68.8,"0.490*0.050*0.050",{"v":0.052675,"d":"0.053"},"安徽巢湖"]
[419,"HJJG-6","焊接角钢6","L50*5                    ","根",42,1.6,67.2,67.2,"0.490*0.050*0.050",{"v":0.051449999999999996,"d":"0.051"},"安徽巢湖"]
[420,"HJJG-7","焊接角钢7","L50*5                    ","根",22,2.1,46.2,46.2,"0.640*0.050*0.050",{"v":0.0352,"d":"0.035"},"安徽巢湖"]
[421,"HJJG-8","焊接角钢8","L50*5                    ","根",22,2.1,46.2,46.2,"0.640*0.050*0.050",{"v":0.0352,"d":"0.035"},"安徽巢湖"]
[422,"HJJG-9","焊接角钢9","L50*5                    ","根",2,2.4,4.8,4.8,"0.734*0.050*0.050",{"v":0.00367,"d":"0.004"},"安徽巢湖"]
[423,"HJJG-10","焊接角钢10","L50*5                    ","根",2,2.4,4.8,4.8,"0.734*0.050*0.050",{"v":0.00367,"d":"0.004"},"安徽巢湖"]
[424,"DP-1","配电室垫片1","PL20*70                  ","块",192,0.8,153.60000000000002,153.60000000000002,"0.070*0.070*0.020",{"v":0.018816,"d":"0.019"},"安徽巢湖"]
[425,"DP-2","配电室垫片2","PL20*100                 ","块",28,1.6,44.800000000000004,44.800000000000004,"0.100*0.100*0.020",{"v":0.0056,"d":"0.006"},"安徽巢湖"]
[426,"DP-3","配电室垫片3","PL20*70                  ","块",120,0.8,96,96,"0.070*0.070*0.020",{"v":0.01176,"d":"0.012"},"安徽巢湖"]
[427,"THB-1","平台托焊板1","PL4*370                  ","块",234,0.5,117,117,"0.370*0.040*0.004",{"v":0.0138528,"d":"0.014"},"安徽巢湖"]
[428,"THB-2","平台托焊板2","PL4*270                  ","块",1018,0.3,305.4,305.4,"0.270*0.040*0.004",{"v":0.0439776,"d":"0.044"},"安徽巢湖"]
[429,"THB-3","平台托焊板3","PL4*200                  ","块",8,0.3,2.4,2.4,"0.200*0.040*0.004",{"v":0.000256,"d":"0.000"},"安徽巢湖"]
[430,"THB-4","平台托焊板4","PL4*175                  ","块",224,0.2,44.800000000000004,44.800000000000004,"0.175*0.040*0.004",{"v":0.006272,"d":"0.006"},"安徽巢湖"]
[431,"THB-5","平台托焊板5","PL4*407                 ","块",64,0.5,32,32,"0.407*0.040*0.004",{"v":4.16768E-3,"d":"0.004"},"安徽巢湖"]
[432,"TJB-1","梯夹板1","PL12*290                 ","块",12,5.3,63.599999999999994,63.599999999999994,"0.224*0.290*0.012",{"v":0.00935424,"d":"0.009"},"安徽巢湖"]
[433,"TJB-2","梯夹板2","PL12*176                 ","块",44,3,132,132,"0.224*0.176*0.012",{"v":0.020815872,"d":"0.021"},"安徽巢湖"]
[434,"ZJB-1","柱夹板1","PL12*726                 ","块",6,6.5,39,39,"0.095*0.726*0.012",{"v":4.96584E-3,"d":"0.005"},"安徽巢湖"]
[435,"ZJB-2","柱夹板2","PL12*135                 ","块",56,1,56,56,"0.080*0.135*0.012",{"v":0.0072576,"d":"0.007"},"安徽巢湖"]
[436,"ZJB-3","柱夹板3","PL10*582                 ","块",85,4.3,365.5,365.5,"0.095*0.582*0.010",{"v":0.046996500000000004,"d":"0.047"},"安徽巢湖"]
[437,"ZJB-4","柱夹板4","PL6*212                  ","块",8,2.5,20,20,"0.255*0.212*0.006",{"v":0.00259488,"d":"0.003"},"安徽巢湖"]
[438,"ZJB-5","柱夹板5","PL8*448                  ","块",168,2.7,453.6,453.6,"0.095*0.448*0.008",{"v":0.05720064,"d":"0.057"},"安徽巢湖"]
[439,"ZLJB-1","柱连接板1","PL20*645","块",64,29.2,1868.8,1868.8,"0.645*0.288*0.020",{"v":0.2377728,"d":"0.238"},"安徽巢湖"]
[440,"ZLJB-2","柱连接板2","PL20*645","块",256,9.1,2329.6,2329.6,"0.645*0.090*0.020",{"v":0.297216,"d":"0.297"},"安徽巢湖"]
["小计",{"$nulls":6},{"$f":"SUM(H3:H442)","v":687805.4000000004},687805.4000000004,null,{"$f":"SUM(K3:K442)","v":{"v":1249.6690093540005,"d":"1249.669"}},"安徽巢湖"]
[1,"GGZ-3","格构柱-3","HM488*300*11*18                ","根",1,6382.4,{"$f":"G444*F444","v":6382.4},6382.4,"17.75*2.14*0.89",{"v":33.80665,"d":"33.807"},"安徽巢湖"]
[2,"GGZ-4","格构柱-4","HM488*300*11*18                ","根",1,5350.9,5350.9,5350.9,"11.75*2.1*0.87",{"v":21.46725,"d":"21.467"},"安徽巢湖"]
[3,"GGZ-7","格构柱-7","HM488*300*11*18                ","根",4,6393.7,25574.8,25574.8,"17.75*2.14*0.89",{"v":135.23,"d":"135.230"},"安徽巢湖"]
[4,"GGZ-8","格构柱-8","HM488*300*11*18                ","根",1,5394.5,5394.5,5394.5,"11.75*2.1*1.16",28.623,"安徽巢湖"]
[5,"GGZ-9","格构柱-9","HM488*300*11*18                ","根",3,5348.1,16044.300000000001,16044.300000000001,"11.75*2.1*1.1",{"v":81.4275,"d":"81.428"},"安徽巢湖"]
[6,"GGZ-11","格构柱-11","HM488*300*11*18                ","根",1,5402,5402,5402,"11.75*2.1*1.16",{"v":28.63,"d":"28.630"},"安徽巢湖"]
[7,"GGZ-12","格构柱-12","HM488*300*11*18                ","根",1,6454.9,6454.9,6454.9,"17.75*2.14*0.89",{"v":33.81,"d":"33.810"},"安徽巢湖"]
[8,"GGZ-13","格构柱-13","HM488*300*11*18                ","根",1,5402,5402,5402,"11.75*2.1*1.16",28.623,"安徽巢湖"]
[9,"GGZ-15","格构柱-15","HM488*300*11*18                ","根",1,6454.9,6454.9,6454.9,"17.75*2.14*0.89",{"v":33.80665,"d":"33.807"},"安徽巢湖"]
[10,"GGZ-18","格构柱-18","HM488*300*11*18                ","根",3,4357,13071,13071,"11.6*2.14*0.89",{"v":66.28008,"d":"66.280"},"安徽巢湖"]
[11,"GGZ-19","格构柱-19","HM488*300*11*18                ","根",3,6781,20343,20343,"15.97*2.1*1.1",{"v":110.6721,"d":"110.672"},"安徽巢湖"]
[12,"GGZ-23","格构柱-23","HM488*300*11*18                ","根",1,4573.9,4573.9,4573.9,"12.03*2.14*0.89",{"v":22.912338,"d":"22.912"},"安徽巢湖"]
[13,"GGZ-24","格构柱-24","HM488*300*11*18                ","根",1,4573.9,4573.9,4573.9,"12.03*2.14*0.89",{"v":22.912338,"d":"22.912"},"安徽巢湖"]
[14,"GGZ-25","格构柱-25","HM488*300*11*18                ","根",1,4573.9,4573.9,4573.9,"12.03*2.14*0.89",{"v":22.912338,"d":"22.912"},"安徽巢湖"]
[15,"GGZ-27","格构柱-27","HM488*300*11*18                ","根",1,4562.6,4562.6,4562.6,"12.03*2.14*0.89",{"v":22.92,"d":"22.920"},"安徽巢湖"]
[16,"GGZ-30","格构柱-30","HM488*300*11*18                ","根",1,6468,6468,6468,"14.77*2.1*1.16",{"v":35.97972,"d":"35.980"},"安徽巢湖"]
[17,"GGZ-31","格构柱-31","HM488*300*11*18                ","根",1,6468,6468,6468,"14.77*2.1*1.16",{"v":35.97972,"d":"35.980"},"安徽巢湖"]
[18,"GGZ-33","格构柱-33","HM488*300*11*18                ","根",1,6384,6384,6384,"14.77*2.1*1.1",{"v":34.1187,"d":"34.119"},"安徽巢湖"]
[19,"GGZ-34","格构柱-34","HM488*300*11*18                ","根",2,5405,10810,10810,"11.97*2.1*1.1",{"v":55.3014,"d":"55.301"},"安徽巢湖"]
[20,"GGZ-36","格构柱-36","HM488*300*11*18                ","根",1,5451.5,5451.5,5451.5,"11.97*2.1*1.16",{"v":29.15892,"d":"29.159"},"安徽巢湖"]
[21,"GGZ-38","格构柱-38","HM488*300*11*18                ","根",1,5407.9,5407.9,5407.9,"11.97*2.1*0.87",{"v":21.86919,"d":"21.869"},"安徽巢湖"]
[22,"GGZ-40","格构柱-40","HM488*300*11*18                ","根",1,4272.2,4272.2,4272.2,"11.3*2.14*0.89",{"v":21.52198,"d":"21.522"},"安徽巢湖"]
[23,"GGZ-43","格构柱-43","HM488*300*11*18                ","根",1,4299.2,4299.2,4299.2,"11.3*2.14*0.89",{"v":21.52198,"d":"21.522"},"安徽巢湖"]
[24,"GGZ-44","格构柱-44","HM488*300*11*18                ","根",1,4299.2,4299.2,4299.2,"11.3*2.14*0.89",{"v":21.52198,"d":"21.522"},"安徽巢湖"]
[25,"GGZ-47","格构柱-47","HM488*300*11*18                ","根",1,7023.9,7023.9,7023.9,"16.75*2.34*0.89",{"v":34.88355,"d":"34.884"},"安徽巢湖"]
[26,"GGZ-48","格构柱-48","HM488*300*11*18                ","根",1,6754.8,6754.8,6754.8,"13.96*2.35*0.95",{"v":31.1657,"d":"31.166"},"安徽巢湖"]
[27,"GGZ-51","格构柱-51","HM488*300*11*18                ","根",1,6457.7,6457.7,6457.7,"13.19*2.35*0.95",{"v":29.446675,"d":"29.447"},"安徽巢湖"]
[28,"GGZ-52","格构柱-52","HM488*300*11*18                ","根",1,7073.7,7073.7,7073.7,"13.96*2.35*1.3",{"v":42.6478,"d":"42.648"},"安徽巢湖"]
[29,"GGZ-55","格构柱-55","HM488*300*11*18                ","根",1,6725.7,6725.7,6725.7,"13.96*2.35*1.2",{"v":39.3672,"d":"39.367"},"安徽巢湖"]
[30,"GGZ-57","格构柱-57","HM488*300*11*18                ","根",2,6678.8,13357.6,13357.6,"13.96*2.35*1.1",{"v":72.1732,"d":"72.173"},"安徽巢湖"]
[31,"GGZ-58","格构柱-58","HM488*300*11*18                ","根",1,7017.7,7017.7,7017.7,"16.75*2.34*0.89",{"v":34.88355,"d":"34.884"},"安徽巢湖"]
[32,"GGZ-62","格构柱-62","HM488*300*11*18                ","根",1,6804.6,6804.6,6804.6,"16.75*2.34*0.89",{"v":34.88355,"d":"34.884"},"安徽巢湖"]
[33,"GGZ-65","格构柱-65","HM488*300*11*18                ","根",1,6843.1,6843.1,6843.1,"16.75*2.34*0.89",{"v":34.88355,"d":"34.884"},"安徽巢湖"]
[34,"GGZ-66","格构柱-66","HM488*300*11*18                ","根",1,7265.5,7265.5,7265.5,"13.96*2.35*1.26",{"v":41.34,"d":"41.340"},"安徽巢湖"]
[35,"GGZ-69","格构柱-69","HM488*300*11*18                ","根",1,6651,6651,6651,"16.75*2.34*0.89",{"v":34.88355,"d":"34.884"},"安徽巢湖"]
[36,"GGZ-70","格构柱-70","HM488*300*11*18                ","根",1,7276.3,7276.3,7276.3,"13.96*2.35*1.26",{"v":41.34,"d":"41.340"},"安徽巢湖"]
[37,"GGZ-73","格构柱-73","HM488*300*11*18                ","根",1,6183.7,6183.7,6183.7,"14.75*2.34*0.89",{"v":30.71835,"d":"30.718"},"安徽巢湖"]
[38,"GGZ-77","格构柱-77","HM488*300*11*18                ","根",1,5737,5737,5737,"14.75*2.34*0.89",{"v":30.71835,"d":"30.718"},"安徽巢湖"]
[39,"GGZ-80","格构柱-80","HM488*300*11*18                ","根",1,4557.5,4557.5,4557.5,"11.3*2.34*0.89",{"v":23.53338,"d":"23.533"},"安徽巢湖"]
[40,"GGZ-81","格构柱-81","HM488*300*11*18                ","根",1,7568.4,7568.4,7568.4,"15.99*2.35*1.26",{"v":47.35,"d":"47.350"},"安徽巢湖"]
[41,"GGZ-84","格构柱-84","HM488*300*11*18                ","根",1,4569.6,4569.6,4569.6,"11.3*2.34*0.89",{"v":23.53338,"d":"23.533"},"安徽巢湖"]
[42,"GGZ-85","格构柱-85","HM488*300*11*18                ","根",1,7568.4,7568.4,7568.4,"15.99*2.35*1.26",{"v":47.35,"d":"47.350"},"安徽巢湖"]
[43,"GGZ-88","格构柱-88","HM488*300*11*18                ","根",1,4535.1,4535.1,4535.1,"11.3*2.34*0.89",{"v":23.53338,"d":"23.533"},"安徽巢湖"]
[44,"GGZ-89","格构柱-89","HM488*300*11*18                ","根",1,7416.9,7416.9,7416.9,"15.99*2.35*1.1",{"v":41.33415,"d":"41.334"},"安徽巢湖"]
[45,"GGZ-91","格构柱-91","HM488*300*11*18                ","根",1,6485.9,6485.9,6485.9,"13.19*2.35*1.1",{"v":34.1,"d":"34.100"},"安徽巢湖"]
[46,"GGZ-92","格构柱-92","HM488*300*11*18                ","根",1,4845.8,4845.8,4845.8,"12.03*2.34*0.89",{"v":25.053678,"d":"25.054"},"安徽巢湖"]
[47,"GGZ-93","格构柱-93","HM488*300*11*18                ","根",1,6415.8,6415.8,6415.8,"13.19*2.35*1.1",{"v":34.09615,"d":"34.096"},"安徽巢湖"]
[48,"GGZ-95","格构柱-95","HM488*300*11*18                ","根",1,4643.1,4643.1,4643.1,"12.03*2.34*0.89",{"v":25.053678,"d":"25.054"},"安徽巢湖"]
[49,"GGZ-98","格构柱-98","HM488*300*11*18                ","根",1,4643.1,4643.1,4643.1,"12.03*2.34*0.89",{"v":25.053678,"d":"25.054"},"安徽巢湖"]
[50,"GGZ-99","格构柱-99","HM488*300*11*18                ","根",1,6532.8,6532.8,6532.8,"13.19*2.35*1.2",{"v":37.1958,"d":"37.196"},"安徽巢湖"]
[51,"GGZ-102","格构柱-102","HM488*300*11*18                ","根",1,4631.8,4631.8,4631.8,"12.03*2.34*0.89",{"v":25.053678,"d":"25.054"},"安徽巢湖"]
[52,"GGZ-103","格构柱-103","HM488*300*11*18                ","根",1,6709.2,6709.2,6709.2,"13.96*2.35*1.1",{"v":36.0866,"d":"36.087"},"安徽巢湖"]
[53,"GGZ-104","格构柱-104","HM488*300*11*18                ","根",1,6346,6346,6346,"16.75*2.34*0.89",{"v":34.88355,"d":"34.884"},"安徽巢湖"]
[54,"GGZ-105","格构柱-105","HM488*300*11*18                ","根",1,6332.2,6332.2,6332.2,"16.75*2.34*0.89",{"v":34.88355,"d":"34.884"},"安徽巢湖"]
[55,"GGZ-106","格构柱-106","HM488*300*11*18                ","根",1,6344.4,6344.4,6344.4,"16.75*2.34*0.89",{"v":34.88355,"d":"34.884"},"安徽巢湖"]
[56,"GGZ-107","格构柱-107","HM488*300*11*18                ","根",1,7136,7136,7136,"13.96*2.35*1.1",{"v":36.0866,"d":"36.087"},"安徽巢湖"]
[57,"GGZ-108","格构柱-108","HM488*300*11*18                ","根",1,7121.8,7121.8,7121.8,"13.96*2.35*1.1",{"v":36.0866,"d":"36.087"},"安徽巢湖"]
[58,"GGZ-109","格构柱-109","HM488*300*11*18                ","根",1,6199.2,6199.2,6199.2,"14.75*2.34*0.89",{"v":30.71835,"d":"30.718"},"安徽巢湖"]
[59,"GGZ-110","格构柱-110","HM488*300*11*18                ","根",1,6929.8,6929.8,6929.8,"13.96*2.35*1.1",{"v":36.0866,"d":"36.087"},"安徽巢湖"]
[60,"ZBJB-1","柱夹板-1","PL16*300*620","块",140,23.4,3276,3276,"0.62*0.3*0.02",{"v":0.5208,"d":"0.521"},"安徽巢湖"]
[61,"ZBJB-2","柱夹板-2","PL16*130*620","块",280,10.1,2828,2828,"0.62*0.13*0.02",{"v":0.45136,"d":"0.451"},"安徽巢湖"]
[62,"ZBJB-3","柱夹板-3","PL12*396*380","块",140,14.2,1988,1988,"0.38*0.4*0.012",{"v":0.25536,"d":"0.255"},"安徽巢湖"]
[63,"DP-1","垫片-1","PL40*150*150                      ","块",280,7.1,1988,1988,"0.15*0.15*0.04",0.252,"安徽巢湖"]
["小计",{"$nulls":6},{"$f":"SUM(H444:H506)","v":{"v":426804.10000000003,"d":"426804"}},{"v":426804.10000000003,"d":"426804"},null,{"$f":"SUM(K444:K506)","v":{"v":2197.7777309999997,"d":"2198"}},"安徽巢湖"]
["合计",{"$nulls":6},{"$f":"H443+H507","v":{"v":1114609.5000000005,"d":"1114610"}},{"v":1114609.5000000005,"d":"1114610"},null,{"$f":"K443+K507","v":{"v":3447.446740354,"d":"3447"}},"安徽巢湖"]
["以上为巢湖制作清单，以下为车间制作完成出口厄瓜多尔浮选厂房物资清单"]
[1,"GL-1","钢梁-1","HN800*300*14*26","根",2,3525.6,{"$f":"G510*F510","v":7051.2},7051.2,"15.97*1.14*0.4",{"v":14.56464,"d":"14.565"},"安徽铜陵"]
[2,"GL-2","钢梁-2","HN800*300*14*26","根",2,3525.6,7051.2,7051.2,"15.97*1.14*0.4",{"v":14.56464,"d":"14.565"},"安徽铜陵"]
[3,"GL-3","钢梁-3","HN800*300*14*26","根",18,1801.4,32425.2,32425.2,"7.81*1.14*0.5",{"v":80.1306,"d":"80.131"},"安徽铜陵"]
[4,"GL-4","钢梁-4","HN800*300*14*26","根",18,3521.4,63385.200000000004,63385.200000000004,"15.97*1.14*0.5",{"v":163.8522,"d":"163.852"},"安徽铜陵"]
[5,"GL-5","钢梁-5","HN800*300*14*26","根",6,3534,21204,21204,"15.97*1.14*0.5",{"v":54.6174,"d":"54.617"},"安徽铜陵"]
[6,"GL-6","钢梁-6","HN800*300*14*26","根",6,3534,21204,21204,"15.97*1.14*0.5",{"v":54.6174,"d":"54.617"},"安徽铜陵"]
[7,"GL-7","钢梁-7","HN800*300*14*26","根",2,1797.2,3594.4,3594.4,"7.81*1.14*0.4",{"v":7.12272,"d":"7.123"},"安徽铜陵"]
[8,"GL-8","钢梁-8","HN800*300*14*26","根",2,1797.2,3594.4,3594.4,"7.81*1.14*0.4",{"v":7.12272,"d":"7.123"},"安徽铜陵"]
[9,"GL-9","钢梁-9","HN800*300*14*26","根",6,1805.6,10833.599999999999,10833.599999999999,"7.81*1.14*0.5",{"v":26.7102,"d":"26.710"},"安徽铜陵"]
[10,"GL-10","钢梁-10","HN800*300*14*26","根",6,1805.6,10833.599999999999,10833.599999999999,"7.81*1.14*0.5",{"v":26.7102,"d":"26.710"},"安徽铜陵"]
[11,"GL-11","钢梁-11","HN800*300*14*26","根",1,2881.3,2881.3,2881.3,"12.72*1.14*0.4",{"v":5.80032,"d":"5.800"},"安徽铜陵"]
[12,"GL-12","钢梁-12","HN800*300*14*26","根",1,2881.3,2881.3,2881.3,"12.72*1.14*0.4",{"v":5.80032,"d":"5.800"},"安徽铜陵"]
[13,"GL-13","钢梁-13","HN800*300*14*26","根",1,2889.7,2889.7,2889.7,"12.72*1.14*0.4",{"v":5.80032,"d":"5.800"},"安徽铜陵"]
[14,"GL-14","钢梁-14","HN800*300*14*26","根",1,2889.7,2889.7,2889.7,"12.72*1.14*0.4",{"v":5.80032,"d":"5.800"},"安徽铜陵"]
[15,"GL-15","钢梁-15","HN800*300*14*26","根",18,2872.9,51712.200000000004,51712.200000000004,"12.72*1.14*0.3",{"v":78.30432,"d":"78.304"},"安徽铜陵"]
[16,"GL-16","钢梁-16","HN800*300*14*26","根",6,2889.7,17338.199999999997,17338.199999999997,"12.72*1.14*0.4",{"v":34.80192,"d":"34.802"},"安徽铜陵"]
[17,"GL-17","钢梁-17","HN800*300*14*26","根",6,2889.7,17338.199999999997,17338.199999999997,"12.72*1.14*0.4",{"v":34.80192,"d":"34.802"},"安徽铜陵"]
[18,"GL-18","钢梁-18","HN800*300*14*26","根",1,2898.1,2898.1,2898.1,"12.72*1.14*0.5",{"v":7.2504,"d":"7.250"},"安徽铜陵"]
[19,"GL-19","钢梁-19","HN800*300*14*26","根",1,2898.1,2898.1,2898.1,"12.72*1.14*0.5",{"v":7.2504,"d":"7.250"},"安徽铜陵"]
[20,"GDL-1","钢吊梁-1","HN700*300*13*24","根",2,1460.3,2920.6,2920.6,"7.64*0.3*0.72",{"v":3.30048,"d":"3.300"},"安徽铜陵"]
[21,"GDL-2","钢吊梁-2","BH1540*500/400*14*20","根",4,2736,10944,10944,"7.745*0.5*1.57",{"v":24.3193,"d":"24.319"},"安徽铜陵"]
[22,"GDL-3","钢吊梁-3","BH1540*500/400*14*20","根",4,2736,10944,10944,"7.745*0.5*1.57",{"v":24.3193,"d":"24.319"},"安徽铜陵"]
[23,"GDL-4","钢吊梁-4","BH1540*500/400*14*20","根",56,2609.2,146115.19999999998,146115.19999999998,"7.49*0.5*1.57",{"v":329.2604,"d":"329.260"},"安徽铜陵"]
[24,"GDL-5","钢吊梁-5","HN700*300*13*24","根",2,1460,2920,2920,"7.64*0.3*0.72",{"v":3.30048,"d":"3.300"},"安徽铜陵"]
[25,"GDL-6","钢吊梁-6","HN700*300*13*24","根",30,1421.6,42648,42648,"7.49*0.3*0.72",{"v":48.5352,"d":"48.535"},"安徽铜陵"]
[26,"ZC-1","柱间支撑-1","C20A","件",20,316.1,6322,6322,"4.37*0.78*0.3",{"v":20.4516,"d":"20.452"},"安徽铜陵"]
[27,"ZC-2","柱间支撑-2","C20A","件",10,511.1,5111,5111,"6.9*0.78*0.61",{"v":32.8302,"d":"32.830"},"安徽铜陵"]
[28,"ZC-3","柱间支撑-3","C20A","件",4,574.4,2297.6,2297.6,"6.9*1.18*0.55",{"v":17.9124,"d":"17.912"},"安徽铜陵"]
[29,"ZC-4","柱间支撑-4","C20A","件",16,344.2,5507.2,5507.2,"4.95*0.78*0.3",{"v":18.5328,"d":"18.533"},"安徽铜陵"]
[30,"ZC-5","柱间支撑-5","C20A","件",8,505.4,4043.2,4043.2,"6.9*0.78*0.62",{"v":26.69472,"d":"26.695"},"安徽铜陵"]
[31,"ZC-6","柱间支撑-6","HN250*125*6*9","件",2,499.5,999,999,"3.71*1.825*0.45",{"v":6.093675,"d":"6.094"},"安徽铜陵"]
[32,"ZC-7","柱间支撑-7","HN250*125*6*9","件",12,831.2,9974.400000000001,9974.400000000001,"7.012*1.825*0.45",{"v":69.10326,"d":"69.103"},"安徽铜陵"]
[33,"ZC-8","柱间支撑-8","HN250*125*6*9","件",2,1130.3,2260.6,2260.6,"9.721*1.625*0.45",{"v":14.2169625,"d":"14.217"},"安徽铜陵"]
[34,"ZC-9","柱间支撑-9","HN250*125*6*9","件",2,605.3,1210.6,1210.6,"5*1.825*0.45",{"v":8.2125,"d":"8.213"},"安徽铜陵"]
[35,"ZC-10","柱间支撑-10","HN250*125*6*9","件",16,553.5,8856,8856,"4.701*1.625*0.45",{"v":55.0017,"d":"55.002"},"安徽铜陵"]
[36,"ZC-11","柱间支撑-11","HN250*125*6*9","件",2,495.6,991.2,991.2,"3.93*1.625*0.45",{"v":5.747625,"d":"5.748"},"安徽铜陵"]
[37,"ZC-12","柱间支撑-12","HN250*125*6*9","件",2,466.4,932.8,932.8,"3.71*1.625*0.45",{"v":5.425875,"d":"5.426"},"安徽铜陵"]
[38,"ZC-13","柱间支撑-13","HN250*125*6*9","件",8,1193.2,9545.6,9545.6,"9.63*1.825*0.45",{"v":63.2691,"d":"63.269"},"安徽铜陵"]
[39,"ZC-14","柱间支撑-14","HN250*125*6*9","件",2,528.1,1056.2,1056.2,"3.93*1.825*0.45",{"v":6.455025,"d":"6.455"},"安徽铜陵"]
[40,"ZC-15","柱间支撑-15","HN250*125*6*9","件",2,1056,2112,2112,"7.77*1.825*0.45",{"v":12.762225,"d":"12.762"},"安徽铜陵"]
[41,"ZC-16","柱间支撑-16","HN250*125*6*9","件",2,565.7,1131.4,1131.4,"4.48*1.825*0.45",{"v":7.3584,"d":"7.358"},"安徽铜陵"]
[42,"ZC-17","柱间支撑-17","C20A","件",8,240.9,1927.2,1927.2,"3.62*1.18*0.3",{"v":10.25184,"d":"10.252"},"安徽铜陵"]
[43,"ZC-18","柱间支撑-18","HN250*125*6*9","件",2,574,1148,1148,"5*1.625*0.45",{"v":7.3125,"d":"7.313"},"安徽铜陵"]
[44,"ZC-19","柱间支撑-19","HN250*125*6*9","件",2,990.3,1980.6,1980.6,"7.77*1.625*0.45",{"v":11.363625,"d":"11.364"},"安徽铜陵"]
[45,"ZC-20","柱间支撑-20","HN250*125*6*9","件",12,791.6,9499.2,9499.2,"7.012*1.625*0.45",{"v":61.5303,"d":"61.530"},"安徽铜陵"]
[46,"ZC-21","柱间支撑-21","HN250*125*6*9","件",16,585.1,9361.6,9361.6,"4.701*1.825*0.45",{"v":61.77114,"d":"61.771"},"安徽铜陵"]
[47,"ZC-22","柱间支撑-22","HN250*125*6*9","件",2,1193.8,2387.6,2387.6,"9.721*1.825*0.45",{"v":15.9667425,"d":"15.967"},"安徽铜陵"]
[48,"ZC-23","柱间支撑-23","HN250*125*6*9","件",8,1130,9040,9040,"9.63*1.625*0.45",{"v":56.3355,"d":"56.336"},"安徽铜陵"]
[49,"ZC-24","柱间支撑-24","HN250*125*6*9","件",2,533.5,1067,1067,"4.48*1.625*0.45",6.552,"安徽铜陵"]
[50,"XG-2","系杆-2","HN250*125*6*9","件",90,828.9,74601,74601,"6.972*0.45*1.825",{"v":515.31795,"d":"515.318"},"安徽铜陵"]
[51,"XG-5","系杆-5","HN250*125*6*9","件",84,789.3,66301.2,66301.2,"6.972*0.45*1.625",{"v":428.2551,"d":"428.255"},"安徽铜陵"]
[52,"XG-6","系杆-6","C20A","件",48,411,19728,19728,"6.9*0.78*0.3",{"v":77.5008,"d":"77.501"},"安徽铜陵"]
[53,"GDG","轨道钢","43kg/m","捆",2,5804,11608,11608,"0.6*0.52*12.5",{"v":7.8,"d":"7.800"},"安徽铜陵"]
["小计",{"$nulls":6},{"$f":"SUM(H510:H562)","v":772395.5999999996},772395.5999999996,null,{"$f":"SUM(K510:K562)","v":{"v":2698.6836849999995,"d":"2698.684"}},"安徽铜陵"]
["总计",{"$nulls":6},{"$f":"H508+H563","v":1887005.1},1887005.1,null,{"$f":"K508+K563","v":{"v":6146.130425354,"d":"6146.130"}}]